{"text_format":"3","workbook":"xlsx","n_sheets":3,"sheets":["Chart1","Sheet1","Detailed Sample"],"not_rendered":{"charts":2,"defined_names":3},"unopened":[{"sheet":"Chart1","index":0,"reason":"not_a_worksheet"}],"read":"whole","date_system":"1900"}

{"sheet":"Sheet1","index":1,"n_rows":0,"n_cols":0,"rows_kept":0,"hidden":true}

{"sheet":"Detailed Sample","index":2,"n_rows":537,"n_cols":12,"rows_kept":537,"merged":[[1,2,2,2],[3,9,3,10],[5,0,5,1],[6,0,6,1],[7,0,7,1],[8,0,8,1],[13,0,13,1],[14,0,14,1],[19,0,19,1],[23,0,23,1],[26,0,26,1],[27,0,27,1],[40,0,40,1],[41,0,41,1],[54,0,54,1],[55,0,55,1],[70,0,70,1],[94,0,94,1],[110,0,110,1],[111,0,111,1],[115,0,115,1],[116,0,116,1],[120,0,120,1],[121,0,121,1],[127,0,127,1],[132,0,132,1],[135,0,135,1],[136,0,136,1],[143,0,143,1],[144,0,144,1],[153,0,153,1],[166,0,166,1],[167,0,167,1],[173,0,173,1],[174,0,174,1],[183,0,183,1],[193,0,193,1],[198,0,198,1],[199,0,199,1],[204,0,204,1],[205,0,205,1],[212,0,212,1],[220,0,220,1],[225,0,225,1],[226,0,226,1],[229,0,229,1],[230,0,230,1],[234,0,234,1],[237,0,237,1],[238,0,238,1],[244,0,244,1],[245,0,245,1],[251,0,251,1],[261,0,261,1],[262,0,262,1],[266,0,266,1],[267,0,267,1],[271,0,271,1],[272,0,272,1],[277,0,277,1],[280,0,280,1],[283,0,283,1],[284,0,284,1],[288,0,288,1],[289,0,289,1],[293,0,293,1],[294,0,294,1],[299,0,299,1],[300,0,300,1],[303,0,303,1],[324,0,324,1],[329,0,329,1],[337,0,337,1],[341,0,341,1],[345,0,345,1],[349,0,349,1],[352,0,352,1],[355,0,355,1],[358,0,358,1],[361,0,361,1],[369,0,369,1],[375,0,375,1],[378,0,378,1],[382,0,382,1],[385,0,385,1],[390,0,390,1],[394,0,394,1],[400,0,400,1],[404,0,404,1],[407,0,407,1],[410,0,410,1],[414,0,414,1],[419,0,419,1],[422,0,422,1],[427,0,427,1],[436,0,436,1],[445,0,445,1],[452,0,452,1],[458,0,458,1],[470,0,470,1],[478,0,478,1],[494,0,494,1],[497,0,497,1],[503,0,503,9],[503,10,503,11],[504,0,504,9],[504,10,504,11],[505,0,505,9],[505,10,505,11],[506,0,506,8],[506,10,506,11],[507,0,507,8],[507,10,507,11],[508,0,508,9],[508,10,508,11],[509,0,509,11],[510,1,510,11],[511,1,511,11],[512,1,512,11],[513,1,513,11],[514,1,514,11],[515,1,515,11],[516,1,516,11],[517,1,517,11],[518,1,518,11],[519,1,519,11],[520,1,520,11],[521,1,521,11],[522,1,522,11],[523,1,523,11],[524,1,524,11],[525,1,525,11],[526,1,526,11],[527,1,527,11],[528,1,528,11],[529,1,529,11],[530,1,530,11],[531,1,531,11],[532,1,532,11],[533,1,533,11],[534,1,534,11],[535,1,535,11],[536,1,536,11]]}
[null,null,"PROJECT:"]
[null,null,"ADDRESS:"]
[{"$nulls":6}," "]
[null,null,"REV:",{"$nulls":6},"LABOR RATE",null,{"v":93,"d":"$93"}]
["SR.\nNO.","DESCRIPTION","QUANTITY","WASTAGE","QTY WITH\nWASTAGE","UNIT","UNIT \nCOST","MATERIAL \nCOST","LABOR \nRATE","LABOR HOURS","LABOR\n COST","TOTAL\nCOST"]
["PLUMBING ESTIMATE"]
["NEW WORK"]
["COLD WATER PIPE (BELOW GRADE)"]
["Sch 80 CPVC"]
[1,"1/2\" Dia Cold Water Pipe",5,{"v":0.05,"d":"5%"},{"$f":"C10*(1+D10)","v":{"v":5.25,"d":"5"}},"LFT",{"v":0.5112,"d":"$0.51"},{"$f":"G10*E10","v":{"v":2.6837999999999997,"d":"$3"}},{"$f":"L$4","v":{"v":93,"d":"$93"}},{"v":0.06187499999999999,"d":"0"},{"$f":"J10*I10","v":{"v":5.754375,"d":"$6"}},{"$f":"K10+H10","v":{"v":8.438175,"d":"$8"}}]
[2,"3/4\" Dia Cold Water Pipe",141,{"v":0.05,"d":"5%"},{"$f":"C11*(1+D11)","v":{"v":148.05,"d":"148"}},"LFT",{"v":0.6783,"d":"$0.68"},{"v":100.42231500000001,"d":"$100"},{"v":93,"d":"$93"},{"v":1.7448750000000002,"d":"2"},{"v":162.27337500000002,"d":"$162"},{"v":262.69569,"d":"$263"}]
[3,"8\" Dia Cold Water Pipe",32,{"v":0.05,"d":"5%"},{"$f":"C12*(1+D12)","v":{"v":33.6,"d":"34"}},"LFT",{"v":35.376,"d":"$35.38"},{"v":1188.6336,"d":"$1,189"},{"v":93,"d":"$93"},{"v":2.9040000000000004,"d":"3"},{"v":270.07200000000006,"d":"$270"},{"v":1458.7056,"d":"$1,459"}]
[]
["COLD WATER PIPE FITTING"]
["ELBOW"]
[1,"1/2\" Dia Cold Water Pipe 90 Deg Elbow",1,{"v":0,"d":"0%"},{"$f":"C16*(1+D16)","v":1},"EA",{"v":1.3379999999999999,"d":"$1.34"},{"$f":"G16*E16","v":{"v":1.3379999999999999,"d":"$1"}},{"$f":"L$4","v":{"v":93,"d":"$93"}},{"v":0.07500000000000001,"d":"0"},{"$f":"J16*I16","v":{"v":6.975000000000001,"d":"$7"}},{"$f":"K16+H16","v":{"v":8.313,"d":"$8"}}]
[2,"3/4\" Dia Cold Water Pipe 90 Deg Elbow",1,{"v":0,"d":"0%"},{"$f":"C17*(1+D17)","v":1},"EA",{"v":1.704,"d":"$1.70"},{"v":1.704,"d":"$2"},{"v":93,"d":"$93"},{"v":0.09,"d":"0"},{"v":8.37,"d":"$8"},{"v":10.074,"d":"$10"}]
[3,"8\" Dia Cold Water Pipe 90 Deg Elbow",1,{"v":0,"d":"0%"},{"$f":"C18*(1+D18)","v":1},"EA",{"v":455.796,"d":"$455.80"},{"$f":"G18*E18","v":{"v":455.796,"d":"$456"}},{"$f":"L$4","v":{"v":93,"d":"$93"}},{"v":1.4625,"d":"1"},{"$f":"J18*I18","v":{"v":136.0125,"d":"$136"}},{"$f":"K18+H18","v":{"v":591.8085,"d":"$592"}}]
[]
["TEE"]
[1,"3/4\" Dia Cold Water Pipe Tee",1,{"v":0,"d":"0%"},{"$f":"C21*(1+D21)","v":1},"EA",{"v":3.1859999999999995,"d":"$3.19"},{"$f":"G21*E21","v":{"v":3.1859999999999995,"d":"$3"}},{"$f":"L$4","v":{"v":93,"d":"$93"}},{"v":0.14850000000000002,"d":"0"},{"$f":"J21*I21","v":{"v":13.810500000000001,"d":"$14"}},{"$f":"K21+H21","v":{"v":16.9965,"d":"$17"}}]
[2,"8\" Dia Cold Water Pipe Tee",1,{"v":0,"d":"0%"},1,"EA",{"v":181.956,"d":"$181.96"},{"v":181.956,"d":"$182"},{"v":93,"d":"$93"},{"v":0.7424999999999999,"d":"1"},{"v":69.0525,"d":"$69"},{"v":251.00849999999997,"d":"$251"}]
[]
["REDUCER"]
[1,"3/4\" / 1/2\" Dia Cold Water Pipe Reducer",1,{"v":0,"d":"0%"},{"$f":"C25*(1+D25)","v":1},"EA",{"v":1.188,"d":"$1.19"},{"$f":"G25*E25","v":{"v":1.188,"d":"$1"}},{"$f":"L$4","v":{"v":93,"d":"$93"}},{"v":0.1575,"d":"0"},{"$f":"J25*I25","v":{"v":14.6475,"d":"$15"}},{"$f":"K25+H25","v":{"v":15.835500000000001,"d":"$16"}}]
[]
["COLD WATER PIPE (ABOVE GRADE)"]
["CPVC Pipe"]
[1,"1/2\" Dia Cold Water Pipe",{"$f":"10517+451","v":10968},{"v":0.05,"d":"5%"},{"$f":"C29*(1+D29)","v":{"v":11516.4,"d":"11516"}},"LFT",{"v":0.5112,"d":"$0.51"},{"$f":"G29*E29","v":{"v":5887.18368,"d":"$5,887"}},{"$f":"L$4","v":{"v":93,"d":"$93"}},168,{"$f":"J29*I29","v":{"v":15624,"d":"$15,624"}},{"$f":"K29+H29","v":{"v":21511.183680000002,"d":"$21,511"}}]
[2,"3/4\" Dia Cold Water Pipe",27133,{"v":0.05,"d":"5%"},{"$f":"C30*(1+D30)","v":{"v":28489.65,"d":"28490"}},"LFT",{"v":0.6783,"d":"$0.68"},{"v":19324.529595,"d":"$19,325"},{"v":93,"d":"$93"},{"v":335.770875,"d":"336"},{"v":31226.691375,"d":"$31,227"},{"v":50551.220969999995,"d":"$50,551"}]
[3,"1\" Dia Cold Water Pipe",11250,{"v":0.05,"d":"5%"},{"v":11812.5,"d":"11813"},"LFT",{"v":1.011,"d":"$1.01"},{"v":11942.437499999998,"d":"$11,942"},{"v":93,"d":"$93"},{"v":185.62500000000003,"d":"186"},{"v":17263.125000000004,"d":"$17,263"},{"v":29205.5625,"d":"$29,206"}]
[4,"1-1/4\" Dia Cold Water Pipe",14,{"v":0.05,"d":"5%"},{"v":14.700000000000001,"d":"15"},"LFT",{"v":1.3653,"d":"$1.37"},{"v":20.06991,"d":"$20"},{"v":93,"d":"$93"},{"v":0.23100000000000004,"d":"0"},{"v":21.483000000000004,"d":"$21"},{"v":41.552910000000004,"d":"$42"}]
[5,"1-1/2\" Dia Cold Water Pipe",255,{"v":0.05,"d":"5%"},{"$f":"C33*(1+D33)","v":{"v":267.75,"d":"268"}},"LFT",{"v":1.6320000000000001,"d":"$1.63"},{"v":436.968,"d":"$437"},{"v":93,"d":"$93"},{"v":4.2075000000000005,"d":"4"},{"v":391.29750000000007,"d":"$391"},{"v":828.2655000000001,"d":"$828"}]
[6,"2\" Dia Cold Water Pipe",535,{"v":0.05,"d":"5%"},{"v":561.75,"d":"562"},"LFT",{"v":1.00536,"d":"$1.01"},{"v":564.76098,"d":"$565"},{"v":93,"d":"$93"},{"v":11.034375,"d":"11"},{"v":1026.196875,"d":"$1,026"},{"v":1590.957855,"d":"$1,591"}]
[7,"2-1/2\" Dia Cold Water Pipe",{"v":139.09,"d":"139"},{"v":0.05,"d":"5%"},{"v":146.0445,"d":"146"},"LFT",{"v":3.29982,"d":"$3.30"},{"v":481.92056199,"d":"$482"},{"v":93,"d":"$93"},{"v":3.4424775,"d":"3"},{"v":320.1504075,"d":"$320"},{"v":802.0709694899999,"d":"$802"}]
[8,"3\" Dia Cold Water Pipe",{"v":91.5,"d":"92"},{"v":0.05,"d":"5%"},{"v":96.075,"d":"96"},"LFT",{"v":4.05192,"d":"$4.05"},{"v":389.288214,"d":"$389"},{"v":93,"d":"$93"},{"v":2.6420625000000006,"d":"3"},{"v":245.71181250000006,"d":"$246"},{"v":635.0000265000001,"d":"$635"}]
[9,"4\" Dia Cold Water Pipe",431,{"v":0.05,"d":"5%"},{"$f":"C37*(1+D37)","v":{"v":452.55,"d":"453"}},"LFT",{"v":13.00002,"d":"$13.00"},{"v":5883.159051,"d":"$5,883"},{"v":93,"d":"$93"},{"v":16.000875,"d":"16"},{"v":1488.081375,"d":"$1,488"},{"v":7371.240425999999,"d":"$7,371"}]
[10,"6\" Dia Cold Water Pipe",5321,{"v":0.05,"d":"5%"},{"$f":"C38*(1+D38)","v":{"v":5587.05,"d":"5587"}},"LFT",{"v":23.98998,"d":"$23.99"},{"v":134033.217759,"d":"$134,033"},{"v":93,"d":"$93"},{"v":329.236875,"d":"329"},{"v":30619.029375,"d":"$30,619"},{"v":164652.247134,"d":"$164,652"}]
[11,"8\" Dia Cold Water Pipe",24,{"v":0.05,"d":"5%"},{"v":25.200000000000003,"d":"25"},"LFT",{"v":35.376,"d":"$35.38"},{"v":891.4752000000001,"d":"$891"},{"v":93,"d":"$93"},{"v":2.1780000000000004,"d":"2"},{"v":202.55400000000003,"d":"$203"},{"v":1094.0292000000002,"d":"$1,094"}]
[]
["COLD WATER PIPE INSULATION"]
["1\" Thick, Glass Fiber, Performed Pipe Insulation"]
[1,"1/2\" Dia Cold Water Pipe",{"$f":"10517+451","v":10968},{"v":0.05,"d":"5%"},{"$f":"C43*(1+D43)","v":{"v":11516.4,"d":"11516"}},"LFT",{"v":0.28275,"d":"$0.28"},{"$f":"G43*E43","v":{"v":3256.2621,"d":"$3,256"}},{"$f":"L$4","v":{"v":93,"d":"$93"}},{"v":220.857,"d":"221"},{"$f":"J43*I43","v":{"v":20539.701,"d":"$20,540"}},{"$f":"K43+H43","v":{"v":23795.9631,"d":"$23,796"}}]
[2,"3/4\" Dia Cold Water Pipe",27133,{"v":0.05,"d":"5%"},{"v":28489.65,"d":"28490"},"LFT",{"v":0.35880000000000006,"d":"$0.36"},{"$f":"G44*E44","v":{"v":10222.086420000001,"d":"$10,222"}},{"$f":"L$4","v":{"v":93,"d":"$93"}},{"v":447.69450000000006,"d":"448"},{"$f":"J44*I44","v":{"v":41635.588500000005,"d":"$41,636"}},{"$f":"K44+H44","v":{"v":51857.674920000005,"d":"$51,858"}}]
[3,"1\" Dia Cold Water Pipe",11250,{"v":0.05,"d":"5%"},{"v":11812.5,"d":"11813"},"LFT",{"v":0.39390000000000003,"d":"$0.39"},{"v":4652.94375,"d":"$4,653"},{"v":93,"d":"$93"},{"v":371.25000000000006,"d":"371"},{"$f":"J45*I45","v":{"v":34526.25000000001,"d":"$34,526"}},{"$f":"K45+H45","v":{"v":39179.193750000006,"d":"$39,179"}}]
[4,"1-1/4\" Dia Cold Water Pipe",14,{"v":0.05,"d":"5%"},{"v":14.700000000000001,"d":"15"},"LFT",{"v":0.4212,"d":"$0.42"},{"v":6.1916400000000005,"d":"$6"},{"v":93,"d":"$93"},{"v":0.4620000000000001,"d":"0"},{"$f":"J46*I46","v":{"v":42.96600000000001,"d":"$43"}},{"$f":"K46+H46","v":{"v":49.15764000000001,"d":"$49"}}]
[5,"1-1/2\" Dia Cold Water Pipe",255,{"v":0.05,"d":"5%"},{"v":267.75,"d":"268"},"LFT",{"v":0.45239999999999997,"d":"$0.45"},{"v":121.13009999999998,"d":"$121"},{"v":93,"d":"$93"},{"v":8.415000000000001,"d":"8"},{"v":782.5950000000001,"d":"$783"},{"v":903.7251000000001,"d":"$904"}]
[6,"2\" Dia Cold Water Pipe",535,{"v":0.05,"d":"5%"},{"v":561.75,"d":"562"},"LFT",{"v":0.636,"d":"$0.64"},{"v":357.273,"d":"$357"},{"v":93,"d":"$93"},{"v":17.655,"d":"18"},{"v":1641.9150000000002,"d":"$1,642"},{"v":1999.188,"d":"$1,999"}]
[7,"2-1/2\" Dia Cold Water Pipe",{"v":139.09,"d":"139"},{"v":0.05,"d":"5%"},{"v":146.0445,"d":"146"},"LFT",{"v":0.786,"d":"$0.79"},{"v":114.790977,"d":"$115"},{"v":93,"d":"$93"},{"v":5.737462500000001,"d":"6"},{"v":533.5840125000001,"d":"$534"},{"v":648.3749895000001,"d":"$648"}]
[8,"3\" Dia Cold Water Pipe",{"v":91.5,"d":"92"},{"v":0.05,"d":"5%"},{"v":96.075,"d":"96"},"LFT",{"v":0.834,"d":"$0.83"},{"v":80.12655,"d":"$80"},{"v":93,"d":"$93"},{"v":3.7743750000000005,"d":"4"},{"v":351.016875,"d":"$351"},{"v":431.14342500000004,"d":"$431"}]
[9,"4\" Dia Cold Water Pipe",431,{"v":0.05,"d":"5%"},{"v":452.55,"d":"453"},"LFT",{"v":1.035,"d":"$1.04"},{"v":468.38924999999995,"d":"$468"},{"v":93,"d":"$93"},{"v":21.334500000000002,"d":"21"},{"v":1984.1085000000003,"d":"$1,984"},{"v":2452.4977500000005,"d":"$2,452"}]
[10,"6\" Dia Cold Water Pipe",5321,{"v":0.05,"d":"5%"},{"v":5587.05,"d":"5587"},"LFT",{"v":1.392,"d":"$1.39"},{"v":7777.1736,"d":"$7,777"},{"v":93,"d":"$93"},{"v":263.3895,"d":"263"},{"v":24495.2235,"d":"$24,495"},{"v":32272.397100000002,"d":"$32,272"}]
[11,"8\" Dia Cold Water Pipe",24,{"v":0.05,"d":"5%"},{"v":25.200000000000003,"d":"25"},"LFT",{"v":1.572,"d":"$1.57"},{"v":39.6144,"d":"$40"},{"v":93,"d":"$93"},{"v":1.3860000000000001,"d":"1"},{"v":128.89800000000002,"d":"$129"},{"v":168.5124,"d":"$169"}]
[]
["COLD WATER PIPE FITTING"]
["ELBOW"]
[1,"1/2\" Dia Cold Water Pipe 90 Deg Elbow",2746,{"v":0,"d":"0%"},{"$f":"C57*(1+D57)","v":2746},"EA",{"v":1.3379999999999999,"d":"$1.34"},{"$f":"G57*E57","v":{"v":3674.1479999999997,"d":"$3,674"}},{"$f":"L$4","v":{"v":93,"d":"$93"}},274,{"$f":"J57*I57","v":{"v":25482,"d":"$25,482"}},{"$f":"K57+H57","v":{"v":29156.148,"d":"$29,156"}}]
[2,"3/4\" Dia Cold Water Pipe 90 Deg Elbow",2809,{"v":0,"d":"0%"},{"$f":"C58*(1+D58)","v":2809},"EA",{"v":1.704,"d":"$1.70"},{"v":4786.536,"d":"$4,787"},{"v":93,"d":"$93"},{"v":252.81,"d":"253"},{"v":23511.33,"d":"$23,511"},{"v":28297.866,"d":"$28,298"}]
[3,"1\" Dia Cold Water Pipe 90 Deg Elbow",222,{"v":0,"d":"0%"},{"$f":"C59*(1+D59)","v":222},"EA",{"v":2.706,"d":"$2.71"},{"v":600.732,"d":"$601"},{"v":93,"d":"$93"},{"v":23.310000000000002,"d":"23"},{"v":2167.8300000000004,"d":"$2,168"},{"v":2768.5620000000004,"d":"$2,769"}]
[4,"1-1/2\" Dia Cold Water Pipe 90 Deg Elbow",8,{"v":0,"d":"0%"},{"$f":"C60*(1+D60)","v":8},"EA",{"v":6.5280000000000005,"d":"$6.53"},{"v":52.224000000000004,"d":"$52"},{"v":93,"d":"$93"},{"v":1.02,"d":"1"},{"v":94.86,"d":"$95"},{"v":147.084,"d":"$147"}]
[5,"2\" Dia Cold Water Pipe 90 Deg Elbow",12,{"v":0,"d":"0%"},{"$f":"C61*(1+D61)","v":12},"EA",{"v":7.878,"d":"$7.88"},{"v":94.536,"d":"$95"},{"v":93,"d":"$93"},{"v":1.7100000000000002,"d":"2"},{"v":159.03000000000003,"d":"$159"},{"v":253.56600000000003,"d":"$254"}]
[6,"2-1/2\" Dia Cold Water Pipe 90 Deg Elbow",2,{"v":0,"d":"0%"},{"$f":"C62*(1+D62)","v":2},"EA",{"v":18.144,"d":"$18.14"},{"v":36.288,"d":"$36"},{"v":93,"d":"$93"},{"v":0.39,"d":"0"},{"v":36.27,"d":"$36"},{"v":72.55799999999999,"d":"$73"}]
[7,"4\" Dia Cold Water Pipe 90 Deg Elbow",2,{"v":0,"d":"0%"},{"$f":"C63*(1+D63)","v":2},"EA",{"v":37.002,"d":"$37.00"},{"v":74.004,"d":"$74"},{"v":93,"d":"$93"},{"v":0.5549999999999999,"d":"1"},{"v":51.614999999999995,"d":"$52"},{"v":125.619,"d":"$126"}]
[8,"6\" Dia Cold Water Pipe 90 Deg Elbow",15,{"v":0,"d":"0%"},{"$f":"C64*(1+D64)","v":15},"EA",{"v":74.358,"d":"$74.36"},{"v":1115.3700000000001,"d":"$1,115"},{"v":93,"d":"$93"},{"v":6.862500000000001,"d":"7"},{"v":638.2125000000001,"d":"$638"},{"v":1753.5825000000002,"d":"$1,754"}]
[9,"8\" Dia Cold Water Pipe 90 Deg Elbow",6,{"v":0,"d":"0%"},{"$f":"C65*(1+D65)","v":6},"EA",{"v":181.956,"d":"$181.96"},{"v":1091.7359999999999,"d":"$1,092"},{"v":93,"d":"$93"},{"v":4.455,"d":"4"},{"v":414.315,"d":"$414"},{"v":1506.051,"d":"$1,506"}]
[10,"1/2\" Dia Cold Water Pipe 45 Deg Elbow",5,{"v":0,"d":"0%"},{"$f":"C66*(1+D66)","v":5},"EA",{"v":1.6320000000000001,"d":"$1.63"},{"v":8.16,"d":"$8"},{"v":93,"d":"$93"},{"v":0.375,"d":"0"},{"v":34.875,"d":"$35"},{"v":43.035,"d":"$43"}]
[11,"3/4\" Dia Cold Water Pipe 45 Deg Elbow",74,{"v":0,"d":"0%"},{"$f":"C67*(1+D67)","v":74},"EA",{"v":2.358,"d":"$2.36"},{"v":174.49200000000002,"d":"$174"},{"v":93,"d":"$93"},{"v":6.659999999999999,"d":"7"},{"v":619.3799999999999,"d":"$619"},{"v":793.8719999999998,"d":"$794"}]
[12,"1\" Dia Cold Water Pipe 45 Deg Elbow",38,{"v":0,"d":"0%"},{"$f":"C68*(1+D68)","v":38},"EA",{"v":3.75,"d":"$3.75"},{"v":142.5,"d":"$143"},{"v":93,"d":"$93"},{"v":3.99,"d":"4"},{"v":371.07,"d":"$371"},{"v":513.5699999999999,"d":"$514"}]
[13,"8\" Dia Cold Water Pipe 45 Deg Elbow",1,{"v":0,"d":"0%"},{"$f":"C69*(1+D69)","v":1},"EA",{"v":195.96,"d":"$195.96"},{"v":195.96,"d":"$196"},{"v":93,"d":"$93"},{"v":1.4849999999999999,"d":"1"},{"v":138.105,"d":"$138"},{"v":334.065,"d":"$334"}]
[]
["TEE"]
[1,"1/2\" Dia Cold Water Pipe Tee",214,{"v":0,"d":"0%"},{"$f":"C72*(1+D72)","v":214},"EA",{"v":3.126,"d":"$3.13"},{"$f":"G72*E72","v":{"v":668.9639999999999,"d":"$669"}},{"$f":"L$4","v":{"v":93,"d":"$93"}},{"v":26.4825,"d":"26"},{"$f":"J72*I72","v":{"v":2462.8725,"d":"$2,463"}},{"$f":"K72+H72","v":{"v":3131.8365,"d":"$3,132"}}]
[2,"3/4\" Dia Cold Water Pipe Tee",1328,{"v":0,"d":"0%"},{"$f":"C73*(1+D73)","v":1328},"EA",{"v":3.1859999999999995,"d":"$3.19"},{"v":4231.007999999999,"d":"$4,231"},{"v":93,"d":"$93"},{"v":197.20800000000003,"d":"197"},{"v":18340.344,"d":"$18,340"},{"v":22571.352,"d":"$22,571"}]
[3,"1\" Dia Cold Water Pipe Tee",62,{"v":0,"d":"0%"},{"$f":"C74*(1+D74)","v":62},"EA",{"v":3.9059999999999997,"d":"$3.91"},{"v":242.17199999999997,"d":"$242"},{"v":93,"d":"$93"},{"v":10.7415,"d":"11"},{"v":998.9595,"d":"$999"},{"v":1241.1315,"d":"$1,241"}]
[4,"1-1/2\" Dia Cold Water Pipe Tee",5,{"v":0,"d":"0%"},{"$f":"C75*(1+D75)","v":5},"EA",{"v":9.432,"d":"$9.43"},{"v":47.160000000000004,"d":"$47"},{"v":93,"d":"$93"},{"v":1.0518750000000001,"d":"1"},{"v":97.82437500000002,"d":"$98"},{"v":144.98437500000003,"d":"$145"}]
[5,"2\" Dia Cold Water Pipe Tee",1,{"v":0,"d":"0%"},{"$f":"C76*(1+D76)","v":1},"EA",{"v":10.493999999999998,"d":"$10.49"},{"v":10.493999999999998,"d":"$10"},{"v":93,"d":"$93"},{"v":0.235125,"d":"0"},{"v":21.866625,"d":"$22"},{"v":32.360625,"d":"$32"}]
[6,"4\" Dia Cold Water Pipe Tee",2,{"v":0,"d":"0%"},{"$f":"C77*(1+D77)","v":2},"EA",{"v":35.562,"d":"$35.56"},{"v":71.124,"d":"$71"},{"v":93,"d":"$93"},{"v":0.915,"d":"1"},{"v":85.095,"d":"$85"},{"v":156.219,"d":"$156"}]
[7,"6\" Dia Cold Water Pipe Tee",1,{"v":0,"d":"0%"},{"$f":"C78*(1+D78)","v":1},"EA",{"v":92.538,"d":"$92.54"},{"v":92.538,"d":"$93"},{"v":93,"d":"$93"},{"v":0.754875,"d":"1"},{"v":70.203375,"d":"$70"},{"v":162.741375,"d":"$163"}]
[8,"3/4\" / 1/2\" Dia Cold Water Pipe Tee",482,{"v":0,"d":"0%"},{"$f":"C79*(1+D79)","v":482},"EA",{"v":5.609999999999999,"d":"$5.61"},{"v":2704.0199999999995,"d":"$2,704"},{"v":93,"d":"$93"},{"v":65.07,"d":"65"},{"v":6051.509999999999,"d":"$6,052"},{"v":8755.529999999999,"d":"$8,756"}]
[9,"1\" / 1/2\" Dia Cold Water Pipe Tee",19,{"v":0,"d":"0%"},{"$f":"C80*(1+D80)","v":19},"EA",{"v":3.654,"d":"$3.65"},{"v":69.426,"d":"$69"},{"v":93,"d":"$93"},{"v":2.9924999999999997,"d":"3"},{"v":278.30249999999995,"d":"$278"},{"v":347.72849999999994,"d":"$348"}]
[10,"1\" / 3/4\" Dia Cold Water Pipe Tee",229,{"v":0,"d":"0%"},{"$f":"C81*(1+D81)","v":229},"EA",{"v":3.654,"d":"$3.65"},{"v":836.766,"d":"$837"},{"v":93,"d":"$93"},{"v":36.067499999999995,"d":"36"},{"v":3354.2774999999997,"d":"$3,354"},{"v":4191.0435,"d":"$4,191"}]
[11,"1-1/4\" / 3/4\" Dia Cold Water Pipe Tee",4,{"v":0,"d":"0%"},{"$f":"C82*(1+D82)","v":4},"EA",{"v":6.792,"d":"$6.79"},{"v":27.168,"d":"$27"},{"v":93,"d":"$93"},{"v":0.765,"d":"1"},{"v":71.145,"d":"$71"},{"v":98.31299999999999,"d":"$98"}]
[12,"1-1/2\" / 3/4\" Dia Cold Water Pipe Tee",6,{"v":0,"d":"0%"},{"$f":"C83*(1+D83)","v":6},"EA",{"v":8.19,"d":"$8.19"},{"v":49.14,"d":"$49"},{"v":93,"d":"$93"},{"v":1.1475,"d":"1"},{"v":106.7175,"d":"$107"},{"v":155.85750000000002,"d":"$156"}]
[13,"2\" / 3/4\" Dia Cold Water Pipe Tee",1,{"v":0,"d":"0%"},{"$f":"C84*(1+D84)","v":1},"EA",{"v":12.989999999999998,"d":"$12.99"},{"v":12.989999999999998,"d":"$13"},{"v":93,"d":"$93"},{"v":0.21375,"d":"0"},{"v":19.87875,"d":"$20"},{"v":32.86875,"d":"$33"}]
[14,"2-1/2\" / 3/4\" Dia Cold Water Pipe Tee",1,{"v":0,"d":"0%"},{"$f":"C85*(1+D85)","v":1},"EA",{"v":17.784,"d":"$17.78"},{"v":17.784,"d":"$18"},{"v":93,"d":"$93"},{"v":0.21375,"d":"0"},{"v":19.87875,"d":"$20"},{"v":37.66275,"d":"$38"}]
[15,"2-1/2\" / 1\" Dia Cold Water Pipe Tee",3,{"v":0,"d":"0%"},{"$f":"C86*(1+D86)","v":3},"EA",{"v":17.784,"d":"$17.78"},{"$f":"G86*E86","v":{"v":53.352,"d":"$53"}},{"$f":"L$4","v":{"v":93,"d":"$93"}},{"v":0.64125,"d":"1"},{"$f":"J86*I86","v":{"v":59.63625,"d":"$60"}},{"$f":"K86+H86","v":{"v":112.98825,"d":"$113"}}]
[16,"3\" / 1\" Dia Cold Water Pipe Tee",6,{"v":0,"d":"0%"},{"$f":"C87*(1+D87)","v":6},"EA",{"v":23.004,"d":"$23.00"},{"v":138.024,"d":"$138"},{"v":93,"d":"$93"},{"v":2.0250000000000004,"d":"2"},{"v":188.32500000000005,"d":"$188"},{"v":326.34900000000005,"d":"$326"}]
[17,"4\" / 3/4\" Dia Cold Water Pipe Tee",1,{"v":0,"d":"0%"},{"$f":"C88*(1+D88)","v":1},"EA",{"v":27.336000000000002,"d":"$27.34"},{"v":27.336000000000002,"d":"$27"},{"v":93,"d":"$93"},{"v":0.3375,"d":"0"},{"v":31.387500000000003,"d":"$31"},{"v":58.7235,"d":"$59"}]
[18,"4\" / 1\" Dia Cold Water Pipe Tee",26,{"v":0,"d":"0%"},{"$f":"C89*(1+D89)","v":26},"EA",{"v":31.578,"d":"$31.58"},{"v":821.028,"d":"$821"},{"v":93,"d":"$93"},{"v":8.775,"d":"9"},{"v":816.075,"d":"$816"},{"v":1637.103,"d":"$1,637"}]
[19,"6\" / 3/4\" Dia Cold Water Pipe Tee",8,{"v":0,"d":"0%"},{"$f":"C90*(1+D90)","v":8},"EA",{"v":36.192,"d":"$36.19"},{"v":289.536,"d":"$290"},{"v":93,"d":"$93"},3,{"v":279,"d":"$279"},{"v":568.5360000000001,"d":"$569"}]
[20,"6\" / 1\" Dia Cold Water Pipe Tee",33,{"v":0,"d":"0%"},{"$f":"C91*(1+D91)","v":33},"EA",{"v":41.202,"d":"$41.20"},{"v":1359.666,"d":"$1,360"},{"v":93,"d":"$93"},{"v":12.375,"d":"12"},{"v":1150.875,"d":"$1,151"},{"v":2510.541,"d":"$2,511"}]
[21,"6\" / 1-1/2\" Dia Cold Water Pipe Tee",1,{"v":0,"d":"0%"},{"$f":"C92*(1+D92)","v":1},"EA",{"v":45.51,"d":"$45.51"},{"v":45.51,"d":"$46"},{"v":93,"d":"$93"},{"v":0.375,"d":"0"},{"v":34.875,"d":"$35"},{"v":80.38499999999999,"d":"$80"}]
[22,"6\" / 2\" Dia Cold Water Pipe Tee",3,{"v":0,"d":"0%"},{"$f":"C93*(1+D93)","v":3},"EA",{"v":49.794,"d":"$49.79"},{"v":149.382,"d":"$149"},{"v":93,"d":"$93"},{"v":1.125,"d":"1"},{"v":104.625,"d":"$105"},{"v":254.007,"d":"$254"}]
[]
["REDUCER"]
[1,"3/4\" / 1/2\" Dia Cold Water Pipe Reducer",846,{"v":0,"d":"0%"},{"$f":"C96*(1+D96)","v":846},"EA",{"v":2.04,"d":"$2.04"},{"$f":"G96*E96","v":{"v":1725.84,"d":"$1,726"}},{"$f":"L$4","v":{"v":93,"d":"$93"}},{"v":164.97,"d":"165"},{"$f":"J96*I96","v":{"v":15342.21,"d":"$15,342"}},{"$f":"K96+H96","v":{"v":17068.05,"d":"$17,068"}}]
[2,"1\" / 3/4\" Dia Cold Water Pipe Reducer",179,{"v":0,"d":"0%"},{"$f":"C97*(1+D97)","v":179},"EA",{"v":3.336,"d":"$3.34"},{"$f":"G97*E97","v":{"v":597.144,"d":"$597"}},{"$f":"L$4","v":{"v":93,"d":"$93"}},{"v":34.905,"d":"35"},{"$f":"J97*I97","v":{"v":3246.165,"d":"$3,246"}},{"$f":"K97+H97","v":{"v":3843.309,"d":"$3,843"}}]
[3,"1-1/4\" / 3/4\" Dia Cold Water Pipe Reducer",1,{"v":0,"d":"0%"},{"$f":"C98*(1+D98)","v":1},"EA",{"v":5.046,"d":"$5.05"},{"$f":"G98*E98","v":{"v":5.046,"d":"$5"}},{"v":93,"d":"$93"},{"v":0.195,"d":"0"},{"$f":"J98*I98","v":{"v":18.135,"d":"$18"}},{"$f":"K98+H98","v":{"v":23.181,"d":"$23"}}]
[4,"1-1/2\" / 3/4\" Dia Cold Water Pipe Reducer",4,{"v":0,"d":"0%"},{"$f":"C99*(1+D99)","v":4},"EA",{"v":7.002,"d":"$7.00"},{"$f":"G99*E99","v":{"v":28.008,"d":"$28"}},{"v":93,"d":"$93"},{"v":0.78,"d":"1"},{"$f":"J99*I99","v":{"v":72.54,"d":"$73"}},{"$f":"K99+H99","v":{"v":100.548,"d":"$101"}}]
[5,"1-1/2\" / 1\" Dia Cold Water Pipe Reducer",2,{"v":0,"d":"0%"},{"$f":"C100*(1+D100)","v":2},"EA",{"v":9.203999999999999,"d":"$9.20"},{"v":18.407999999999998,"d":"$18"},{"v":93,"d":"$93"},{"v":0.39,"d":"0"},{"v":36.27,"d":"$36"},{"v":54.678,"d":"$55"}]
[6,"1-1/2\" / 1-1/4\" Dia Cold Water Pipe Reducer",1,{"v":0,"d":"0%"},{"$f":"C101*(1+D101)","v":1},"EA",{"v":11.723999999999998,"d":"$11.72"},{"v":11.723999999999998,"d":"$12"},{"v":93,"d":"$93"},{"v":0.195,"d":"0"},{"v":18.135,"d":"$18"},{"v":29.859,"d":"$30"}]
[7,"2\" / 1-1/2\" Dia Cold Water Pipe Reducer",2,{"v":0,"d":"0%"},{"$f":"C102*(1+D102)","v":2},"EA",{"v":13.35,"d":"$13.35"},{"v":26.7,"d":"$27"},{"v":93,"d":"$93"},{"v":0.39,"d":"0"},{"v":36.27,"d":"$36"},{"v":62.97,"d":"$63"}]
[8,"2-1/2\" / 3/4\" Dia Cold Water Pipe Reducer",1,{"v":0,"d":"0%"},{"$f":"C103*(1+D103)","v":1},"EA",{"v":15.846,"d":"$15.85"},{"$f":"G103*E103","v":{"v":15.846,"d":"$16"}},{"v":93,"d":"$93"},{"v":0.47250000000000003,"d":"0"},{"$f":"J103*I103","v":{"v":43.9425,"d":"$44"}},{"$f":"K103+H103","v":{"v":59.7885,"d":"$60"}}]
[9,"2-1/2\" / 2\" Dia Cold Water Pipe Reducer",3,{"v":0,"d":"0%"},{"$f":"C104*(1+D104)","v":3},"EA",{"v":18.864,"d":"$18.86"},{"$f":"G104*E104","v":{"v":56.592,"d":"$57"}},{"v":93,"d":"$93"},{"v":1.4175,"d":"1"},{"$f":"J104*I104","v":{"v":131.8275,"d":"$132"}},{"$f":"K104+H104","v":{"v":188.41949999999997,"d":"$188"}}]
[10,"3\" / 2-1/2\" Dia Cold Water Pipe Reducer",3,{"v":0,"d":"0%"},{"$f":"C105*(1+D105)","v":3},"EA",{"v":22.044,"d":"$22.04"},{"v":66.132,"d":"$66"},{"v":93,"d":"$93"},{"v":0.6749999999999999,"d":"1"},{"v":62.77499999999999,"d":"$63"},{"v":128.90699999999998,"d":"$129"}]
[11,"4\" / 3/4\" Dia Cold Water Pipe Reducer",2,{"v":0,"d":"0%"},{"$f":"C106*(1+D106)","v":2},"EA",{"v":24.816,"d":"$24.82"},{"v":49.632,"d":"$50"},{"v":93,"d":"$93"},{"v":0.44999999999999996,"d":"0"},{"v":41.849999999999994,"d":"$42"},{"v":91.482,"d":"$91"}]
[12,"4\" / 2-1/2\" Dia Cold Water Pipe Reducer",1,{"v":0,"d":"0%"},{"$f":"C107*(1+D107)","v":1},"EA",{"v":28.044,"d":"$28.04"},{"v":28.044,"d":"$28"},{"v":93,"d":"$93"},{"v":0.22499999999999998,"d":"0"},{"v":20.924999999999997,"d":"$21"},{"v":48.968999999999994,"d":"$49"}]
[13,"4\" / 3\" Dia Cold Water Pipe Reducer",3,{"v":0,"d":"0%"},{"$f":"C108*(1+D108)","v":3},"EA",{"v":30.522,"d":"$30.52"},{"v":91.566,"d":"$92"},{"v":93,"d":"$93"},{"v":0.6749999999999999,"d":"1"},{"v":62.77499999999999,"d":"$63"},{"v":154.341,"d":"$154"}]
[14,"6\" / 4\" Dia Cold Water Pipe Reducer",2,{"v":0,"d":"0%"},{"$f":"C109*(1+D109)","v":2},"EA",{"v":39.19199999999999,"d":"$39.19"},{"v":78.38399999999999,"d":"$78"},{"v":93,"d":"$93"},{"v":0.44999999999999996,"d":"0"},{"v":41.849999999999994,"d":"$42"},{"v":120.23399999999998,"d":"$120"}]
[]
["HOT WATER PIPE (ABOVE GRADE)"]
["CPVC Pipe"]
[1,"1/2\" Dia Hot Water Pipe",{"$f":"10390+451","v":10841},{"v":0.05,"d":"5%"},{"$f":"C113*(1+D113)","v":{"v":11383.050000000001,"d":"11383"}},"LFT",{"v":0.5112,"d":"$0.51"},{"$f":"G113*E113","v":{"v":5819.015160000001,"d":"$5,819"}},{"$f":"L$4","v":{"v":93,"d":"$93"}},168,{"$f":"J113*I113","v":{"v":15624,"d":"$15,624"}},{"$f":"K113+H113","v":{"v":21443.015160000003,"d":"$21,443"}}]
[2,"3/4\" Dia Hot Water Pipe",16626,{"v":0.05,"d":"5%"},{"v":17457.3,"d":"17457"},"LFT",{"v":0.6783,"d":"$0.68"},{"v":11841.28659,"d":"$11,841"},{"v":93,"d":"$93"},{"v":205.74675000000002,"d":"206"},{"v":19134.447750000003,"d":"$19,134"},{"v":30975.734340000003,"d":"$30,976"}]
[]
["HOT WATER PIPE INSULATION"]
["1\" Thick, Glass Fiber, Performed Pipe Insulation"]
[1,"1/2\" Dia Hot Water Pipe",{"$f":"10390+451","v":10841},{"v":0.05,"d":"5%"},{"$f":"C118*(1+D118)","v":{"v":11383.050000000001,"d":"11383"}},"LFT",{"v":0.28275,"d":"$0.28"},{"$f":"G118*E118","v":{"v":3218.5573875000005,"d":"$3,219"}},{"$f":"L$4","v":{"v":93,"d":"$93"}},{"v":218.19,"d":"218"},{"$f":"J118*I118","v":{"v":20291.67,"d":"$20,292"}},{"$f":"K118+H118","v":{"v":23510.2273875,"d":"$23,510"}}]
[2,"3/4\" Dia Hot Water Pipe",16626,{"v":0.05,"d":"5%"},{"v":17457.3,"d":"17457"},"LFT",{"v":0.35880000000000006,"d":"$0.36"},{"$f":"G119*E119","v":{"v":6263.67924,"d":"$6,264"}},{"$f":"L$4","v":{"v":93,"d":"$93"}},{"v":274.32900000000006,"d":"274"},{"$f":"J119*I119","v":{"v":25512.597000000005,"d":"$25,513"}},{"$f":"K119+H119","v":{"v":31776.276240000007,"d":"$31,776"}}]
[]
["HOT WATER PIPE FITTING"]
["ELBOW"]
[1,"1/2\" Dia Hot Water Pipe 90 Deg Elbow",2784,{"v":0,"d":"0%"},{"$f":"C123*(1+D123)","v":2784},"EA",{"v":1.3379999999999999,"d":"$1.34"},{"$f":"G123*E123","v":{"v":3724.9919999999997,"d":"$3,725"}},{"$f":"L$4","v":{"v":93,"d":"$93"}},278,{"$f":"J123*I123","v":{"v":25854,"d":"$25,854"}},{"$f":"K123+H123","v":{"v":29578.992,"d":"$29,579"}}]
[2,"3/4\" Dia Hot Water Pipe 90 Deg Elbow",1907,{"v":0,"d":"0%"},{"$f":"C124*(1+D124)","v":1907},"EA",{"v":1.704,"d":"$1.70"},{"v":3249.528,"d":"$3,250"},{"v":93,"d":"$93"},{"v":171.63,"d":"172"},{"v":15961.59,"d":"$15,962"},{"v":19211.118,"d":"$19,211"}]
[3,"1/2\" Dia Hot Water Pipe 45 Deg Elbow",5,{"v":0,"d":"0%"},{"$f":"C125*(1+D125)","v":5},"EA",{"v":1.6320000000000001,"d":"$1.63"},{"v":8.16,"d":"$8"},{"v":93,"d":"$93"},{"v":0.375,"d":"0"},{"v":34.875,"d":"$35"},{"v":43.035,"d":"$43"}]
[4,"3/4\" Dia Hot Water Pipe 45 Deg Elbow",88,{"v":0,"d":"0%"},{"$f":"C126*(1+D126)","v":88},"EA",{"v":2.358,"d":"$2.36"},{"v":207.50400000000002,"d":"$208"},{"v":93,"d":"$93"},{"v":7.919999999999999,"d":"8"},{"v":736.56,"d":"$737"},{"v":944.064,"d":"$944"}]
[]
["TEE"]
[1,"1/2\" Dia Hot Water Pipe Tee",169,{"v":0,"d":"0%"},{"$f":"C129*(1+D129)","v":169},"EA",{"v":3.126,"d":"$3.13"},{"$f":"G129*E129","v":{"v":528.294,"d":"$528"}},{"$f":"L$4","v":{"v":93,"d":"$93"}},{"v":20.91375,"d":"21"},{"$f":"J129*I129","v":{"v":1944.97875,"d":"$1,945"}},{"$f":"K129+H129","v":{"v":2473.27275,"d":"$2,473"}}]
[2,"3/4\" Dia Hot Water Pipe Tee",848,{"v":0,"d":"0%"},{"$f":"C130*(1+D130)","v":848},"EA",{"v":3.1859999999999995,"d":"$3.19"},{"v":2701.7279999999996,"d":"$2,702"},{"v":93,"d":"$93"},{"v":125.928,"d":"126"},{"v":11711.304,"d":"$11,711"},{"v":14413.032,"d":"$14,413"}]
[3,"3/4\" / 1/2\" Dia Hot Water Pipe Tee",410,{"v":0,"d":"0%"},{"$f":"C131*(1+D131)","v":410},"EA",{"v":5.609999999999999,"d":"$5.61"},{"v":2300.1,"d":"$2,300"},{"v":93,"d":"$93"},{"v":55.349999999999994,"d":"55"},{"v":5147.549999999999,"d":"$5,148"},{"v":7447.65,"d":"$7,448"}]
[]
["REDUCER"]
[1,"3/4\" / 1/2\" Dia Hot Water Pipe Reducer",962,{"v":0,"d":"0%"},{"$f":"C134*(1+D134)","v":962},"EA",{"v":2.04,"d":"$2.04"},{"$f":"G134*E134","v":{"v":1962.48,"d":"$1,962"}},{"$f":"L$4","v":{"v":93,"d":"$93"}},{"v":187.59,"d":"188"},{"$f":"J134*I134","v":{"v":17445.87,"d":"$17,446"}},{"$f":"K134+H134","v":{"v":19408.35,"d":"$19,408"}}]
[]
["SANITARY PIPE (BELOW GRADE)"]
["Schdeule 40 PVC Pipe And Fittings And Socket Cemented Joints"]
[1,"2\" Dia Sanitary Pipe",{"v":10.63,"d":"11"},{"v":0.05,"d":"5%"},{"$f":"C138*(1+D138)","v":{"v":11.161500000000002,"d":"11"}},"LFT",{"v":0.5112,"d":"$0.51"},{"$f":"G138*E138","v":{"v":5.705758800000001,"d":"$6"}},{"$f":"L$4","v":{"v":93,"d":"$93"}},{"v":0.22323000000000004,"d":"0"},{"$f":"J138*I138","v":{"v":20.760390000000005,"d":"$21"}},{"$f":"K138+H138","v":{"v":26.466148800000006,"d":"$26"}}]
[2,"3\" Dia Sanitary Pipe",{"v":305.83,"d":"306"},{"v":0.05,"d":"5%"},{"$f":"C139*(1+D139)","v":{"v":321.12149999999997,"d":"321"}},"LFT",{"v":0.93,"d":"$0.93"},{"v":298.642995,"d":"$299"},{"v":93,"d":"$93"},{"v":9.633645,"d":"10"},{"v":895.928985,"d":"$896"},{"v":1194.57198,"d":"$1,195"}]
[3,"4\" Dia Sanitary Pipe",1088,{"v":0.05,"d":"5%"},{"v":1142.4,"d":"1142"},"LFT",{"v":1.3489799999999998,"d":"$1.35"},{"v":1541.074752,"d":"$1,541"},{"v":93,"d":"$93"},{"v":39.98400000000001,"d":"40"},{"v":3718.5120000000006,"d":"$3,719"},{"v":5259.586752000001,"d":"$5,260"}]
[4,"6\" Dia Sanitary Pipe",798,{"v":0.05,"d":"5%"},{"$f":"C141*(1+D141)","v":{"v":837.9000000000001,"d":"838"}},"LFT",{"v":2.5347,"d":"$2.53"},{"v":2123.82513,"d":"$2,124"},{"v":93,"d":"$93"},{"v":50.274,"d":"50"},{"v":4675.482,"d":"$4,675"},{"v":6799.30713,"d":"$6,799"}]
[5,"8\" Dia Sanitary Pipe",{"v":691.52,"d":"692"},{"v":0.05,"d":"5%"},{"v":726.096,"d":"726"},"LFT",{"v":3.9262799999999998,"d":"$3.93"},{"v":2850.8562028799997,"d":"$2,851"},{"v":93,"d":"$93"},{"v":72.6096,"d":"73"},{"v":6752.6928,"d":"$6,753"},{"v":9603.54900288,"d":"$9,604"}]
[]
["SANITARY PIPE FITTING"]
["ELBOW"]
[1,"2\" Dia Sanitary Pipe 45 Deg Elbow",1,{"v":0,"d":"0%"},{"$f":"C146*(1+D146)","v":1},"EA",{"v":0.86,"d":"$0.86"},{"$f":"G146*E146","v":{"v":0.86,"d":"$1"}},{"$f":"L$4","v":{"v":93,"d":"$93"}},{"v":0.19,"d":"0"},{"$f":"J146*I146","v":{"v":17.67,"d":"$18"}},{"$f":"K146+H146","v":{"v":18.53,"d":"$19"}}]
[2,"3\" Dia Sanitary Pipe 45 Deg Elbow",27,{"v":0,"d":"0%"},27,"EA",{"v":5.37,"d":"$5.37"},{"v":144.99,"d":"$145"},{"v":93,"d":"$93"},{"v":8.1,"d":"8"},{"v":753.3,"d":"$753"},{"v":898.29,"d":"$898"}]
[3,"4\" Dia Sanitary Pipe 45 Deg Elbow",138,{"v":0,"d":"0%"},138,"EA",{"v":9.63,"d":"$9.63"},{"v":1328.94,"d":"$1,329"},{"v":93,"d":"$93"},{"v":51.06,"d":"51"},{"v":4748.58,"d":"$4,749"},{"v":6077.52,"d":"$6,078"}]
[4,"6\" Dia Sanitary Pipe 45 Deg Elbow",14,{"v":0,"d":"0%"},14,"EA",{"v":23.93,"d":"$23.93"},{"v":99.15,"d":"$99"},{"v":93,"d":"$93"},{"v":8.54,"d":"9"},{"v":794.2199999999999,"d":"$794"},{"v":893.3699999999999,"d":"$893"}]
[5,"3\" Dia Sanitary Pipe 90 Deg Elbow",2,{"v":0,"d":"0%"},2,"EA",{"v":4.13,"d":"$4.13"},{"$f":"G150*E150","v":{"v":8.26,"d":"$8"}},{"$f":"L$4","v":{"v":93,"d":"$93"}},{"v":0.6,"d":"1"},{"$f":"J150*I150","v":{"v":55.8,"d":"$56"}},{"$f":"K150+H150","v":{"v":64.06,"d":"$64"}}]
[6,"4\" Dia Sanitary Pipe 90 Deg Elbow",15,{"v":0,"d":"0%"},15,"EA",{"v":7.39,"d":"$7.39"},{"v":110.85,"d":"$111"},{"v":93,"d":"$93"},{"v":5.55,"d":"6"},{"v":516.15,"d":"$516"},{"v":627,"d":"$627"}]
[7,"6\" Dia Sanitary Pipe 90 Deg Elbow",5,{"v":0,"d":"0%"},5,"EA",{"v":10.65,"d":"$10.65"},{"v":53.25,"d":"$53"},{"v":93,"d":"$93"},{"v":3.05,"d":"3"},{"v":283.65,"d":"$284"},{"v":336.9,"d":"$337"}]
[]
["WYE"]
[1,"3\" Dia Sanitary Pipe Wye",7,{"v":0,"d":"0%"},{"$f":"C155*(1+D155)","v":7},"EA",{"v":11.988,"d":"$11.99"},{"$f":"G155*E155","v":{"v":83.916,"d":"$84"}},{"$f":"L$4","v":{"v":93,"d":"$93"}},{"v":3.465,"d":"3"},{"$f":"J155*I155","v":{"v":322.245,"d":"$322"}},{"$f":"K155+H155","v":{"v":406.161,"d":"$406"}}]
[2,"4\" Dia Sanitary Pipe Wye",14,{"v":0,"d":"0%"},14,"EA",{"v":21.75,"d":"$21.75"},{"v":304.5,"d":"$305"},{"v":93,"d":"$93"},{"v":8.54,"d":"9"},{"v":794.2199999999999,"d":"$794"},{"v":1098.7199999999998,"d":"$1,099"}]
[3,"6\" Dia Sanitary Pipe Wye",10,{"v":0,"d":"0%"},10,"EA",{"v":20.184,"d":"$20.18"},{"v":201.84,"d":"$202"},{"v":93,"d":"$93"},10,{"v":930,"d":"$930"},{"v":1131.84,"d":"$1,132"}]
[4,"3\" / 2\" Dia Sanitary Pipe Wye",3,{"v":0,"d":"0%"},3,"EA",{"v":8.867999999999999,"d":"$8.87"},{"v":26.603999999999996,"d":"$27"},{"v":93,"d":"$93"},{"v":1.4849999999999999,"d":"1"},{"v":138.105,"d":"$138"},{"v":164.70899999999997,"d":"$165"}]
[5,"4\" / 2\" Dia Sanitary Pipe Wye",6,{"v":0,"d":"0%"},6,"EA",{"v":13.02,"d":"$13.02"},{"v":78.12,"d":"$78"},{"v":93,"d":"$93"},{"v":3.5999999999999996,"d":"4"},{"v":334.79999999999995,"d":"$335"},{"v":412.91999999999996,"d":"$413"}]
[6,"4\" / 3\" Dia Sanitary Pipe Wye",6,{"v":0,"d":"0%"},6,"EA",{"v":17.657999999999998,"d":"$17.66"},{"v":105.94799999999998,"d":"$106"},{"v":93,"d":"$93"},{"v":3.5999999999999996,"d":"4"},{"v":334.79999999999995,"d":"$335"},{"v":440.74799999999993,"d":"$441"}]
[7,"6\" / 3\" Dia Sanitary Pipe Wye",13,{"v":0,"d":"0%"},13,"EA",{"v":19.608,"d":"$19.61"},{"v":254.904,"d":"$255"},{"v":93,"d":"$93"},13,{"v":1209,"d":"$1,209"},{"v":1463.904,"d":"$1,464"}]
[8,"6\" / 4\" Dia Sanitary Pipe Wye",79,{"v":0,"d":"0%"},79,"EA",{"v":16.296,"d":"$16.30"},{"v":1287.384,"d":"$1,287"},{"v":93,"d":"$93"},79,{"v":7347,"d":"$7,347"},{"v":8634.384,"d":"$8,634"}]
[9,"8\" / 3\" Dia Sanitary Pipe Wye",13,{"v":0,"d":"0%"},13,"EA",{"v":34.362,"d":"$34.36"},{"v":446.706,"d":"$447"},{"v":93,"d":"$93"},{"v":22.099999999999998,"d":"22"},{"v":2055.2999999999997,"d":"$2,055"},{"v":2502.006,"d":"$2,502"}]
[10,"8\" / 4\" Dia Sanitary Pipe Wye",57,{"v":0,"d":"0%"},57,"EA",{"v":34.362,"d":"$34.36"},{"v":1958.634,"d":"$1,959"},{"v":93,"d":"$93"},{"v":96.89999999999999,"d":"97"},{"v":9011.699999999999,"d":"$9,012"},{"v":10970.333999999999,"d":"$10,970"}]
[11,"8\" / 6\" Dia Sanitary Pipe Wye",10,{"v":0,"d":"0%"},10,"EA",{"v":35.43,"d":"$35.43"},{"v":354.3,"d":"$354"},{"v":93,"d":"$93"},17,{"v":1581,"d":"$1,581"},{"v":1935.3,"d":"$1,935"}]
[]
["SANITARY PIPE (ABOVE GRADE)"]
["Schdeule 40 PVC Pipe And Fittings And Socket Cemented Joints"]
[1,"2\" Dia Sanitary Pipe",{"$f":"12609+198","v":12807},{"v":0.05,"d":"5%"},{"$f":"C169*(1+D169)","v":{"v":13447.35,"d":"13447"}},"LFT",{"v":0.5112,"d":"$0.51"},{"$f":"G169*E169","v":{"v":6874.28532,"d":"$6,874"}},{"$f":"L$4","v":{"v":93,"d":"$93"}},268,{"$f":"J169*I169","v":{"v":24924,"d":"$24,924"}},{"$f":"K169+H169","v":{"v":31798.28532,"d":"$31,798"}}]
[2,"3\" Dia Sanitary Pipe",9048,{"v":0.05,"d":"5%"},{"$f":"C170*(1+D170)","v":{"v":9500.4,"d":"9500"}},"LFT",{"v":0.99402,"d":"$0.99"},{"v":9443.587608,"d":"$9,444"},{"v":93,"d":"$93"},{"v":223.938,"d":"224"},{"v":20826.234,"d":"$20,826"},{"v":30269.821608,"d":"$30,270"}]
[3,"4\" Dia Sanitary Pipe",9316,{"v":0.05,"d":"5%"},{"v":9781.800000000001,"d":"9782"},"LFT",{"v":1.3489799999999998,"d":"$1.35"},{"v":13195.452564,"d":"$13,195"},{"v":93,"d":"$93"},{"v":268.9995,"d":"269"},{"v":25016.9535,"d":"$25,017"},{"v":38212.406063999995,"d":"$38,212"}]
[4,"6\" Dia Sanitary Pipe",444,{"v":0.05,"d":"5%"},{"v":466.20000000000005,"d":"466"},"LFT",{"v":2.5347,"d":"$2.53"},{"v":1181.67714,"d":"$1,182"},{"v":93,"d":"$93"},{"v":21.978,"d":"22"},{"v":2043.9540000000002,"d":"$2,044"},{"v":3225.6311400000004,"d":"$3,226"}]
[]
["SANITARY PIPE FITTING"]
["ELBOW"]
[1,"2\" Dia Sanitary Pipe 90 Deg Elbow",1407,{"v":0,"d":"0%"},{"$f":"C176*(1+D176)","v":1407},"EA",{"v":0.738,"d":"$0.74"},{"$f":"G176*E176","v":{"v":1038.366,"d":"$1,038"}},{"$f":"L$4","v":{"v":93,"d":"$93"}},262,{"$f":"J176*I176","v":{"v":24366,"d":"$24,366"}},{"$f":"K176+H176","v":{"v":25404.366,"d":"$25,404"}}]
[2,"3\" Dia Sanitary Pipe 90 Deg Elbow",10,{"v":0,"d":"0%"},10,"EA",{"v":4.1339999999999995,"d":"$4.13"},{"v":41.339999999999996,"d":"$41"},{"v":93,"d":"$93"},{"v":2.25,"d":"2"},{"v":209.25,"d":"$209"},{"v":250.59,"d":"$251"}]
[3,"4\" Dia Sanitary Pipe 90 Deg Elbow",8,{"v":0,"d":"0%"},8,"EA",{"v":7.3919999999999995,"d":"$7.39"},{"v":59.135999999999996,"d":"$59"},{"v":93,"d":"$93"},{"v":2.2199999999999998,"d":"2"},{"v":206.45999999999998,"d":"$206"},{"v":265.596,"d":"$266"}]
[4,"2\" Dia Sanitary Pipe 45 Deg Elbow",21,{"v":0,"d":"0%"},21,"EA",{"v":0.858,"d":"$0.86"},{"v":18.018,"d":"$18"},{"v":93,"d":"$93"},{"v":2.9925,"d":"3"},{"v":278.3025,"d":"$278"},{"v":296.32050000000004,"d":"$296"}]
[5,"3\" Dia Sanitary Pipe 45 Deg Elbow",54,{"v":0,"d":"0%"},54,"EA",{"v":5.369999999999999,"d":"$5.37"},{"v":289.97999999999996,"d":"$290"},{"v":93,"d":"$93"},{"v":12.149999999999999,"d":"12"},{"v":1129.9499999999998,"d":"$1,130"},{"v":1419.9299999999998,"d":"$1,420"}]
[6,"4\" Dia Sanitary Pipe 45 Deg Elbow",99,{"v":0,"d":"0%"},{"$f":"C181*(1+D181)","v":99},"EA",{"v":9.63,"d":"$9.63"},{"v":953.3700000000001,"d":"$953"},{"v":93,"d":"$93"},{"v":27.472500000000004,"d":"27"},{"v":2554.9425000000006,"d":"$2,555"},{"v":3508.312500000001,"d":"$3,508"}]
[7,"6\" Dia Sanitary Pipe 45 Deg Elbow",1,{"v":0,"d":"0%"},1,"EA",{"v":23.928,"d":"$23.93"},{"v":99.15,"d":"$99"},{"v":93,"d":"$93"},{"v":0.4575,"d":"0"},{"v":42.5475,"d":"$43"},{"v":141.6975,"d":"$142"}]
[]
["WYE"]
[1,"2\" Dia Sanitary Pipe Wye",2322,{"v":0,"d":"0%"},{"$f":"C185*(1+D185)","v":2322},"EA",{"v":4.44,"d":"$4.44"},{"$f":"G185*E185","v":{"v":10309.68,"d":"$10,310"}},{"$f":"L$4","v":{"v":93,"d":"$93"}},714,{"$f":"J185*I185","v":{"v":66402,"d":"$66,402"}},{"$f":"K185+H185","v":{"v":76711.68,"d":"$76,712"}}]
[2,"2\" Dia Sanitary Pipe Double Wye",104,{"v":0,"d":"0%"},104,"EA",{"v":12.024,"d":"$12.02"},{"v":1250.4959999999999,"d":"$1,250"},{"v":93,"d":"$93"},{"v":31.200000000000003,"d":"31"},{"v":2901.6000000000004,"d":"$2,902"},{"v":4152.0960000000005,"d":"$4,152"}]
[3,"3\" Dia Sanitary Pipe Wye",25,{"v":0,"d":"0%"},25,"EA",{"v":11.988,"d":"$11.99"},{"$f":"G187*E187","v":{"v":299.7,"d":"$300"}},{"$f":"L$4","v":{"v":93,"d":"$93"}},{"v":9.28125,"d":"9"},{"$f":"J187*I187","v":{"v":863.15625,"d":"$863"}},{"$f":"K187+H187","v":{"v":1162.85625,"d":"$1,163"}}]
[4,"4\" Dia Sanitary Pipe Wye",572,{"v":0,"d":"0%"},572,"EA",{"v":21.75,"d":"$21.75"},{"v":12441,"d":"$12,441"},{"v":93,"d":"$93"},{"v":261.69,"d":"262"},{"v":24337.17,"d":"$24,337"},{"v":36778.17,"d":"$36,778"}]
[5,"3\" / 2\" Dia Sanitary Pipe Wye",969,{"v":0,"d":"0%"},{"$f":"C189*(1+D189)","v":969},"EA",{"v":8.867999999999999,"d":"$8.87"},{"v":8593.091999999999,"d":"$8,593"},{"v":93,"d":"$93"},{"v":359.74125,"d":"360"},{"v":33455.93625,"d":"$33,456"},{"v":42049.028249999996,"d":"$42,049"}]
[6,"4\" / 2\" Dia Sanitary Pipe Wye",555,{"v":0,"d":"0%"},{"$f":"C190*(1+D190)","v":555},"EA",{"v":13.02,"d":"$13.02"},{"v":7226.099999999999,"d":"$7,226"},{"v":93,"d":"$93"},{"v":253.91250000000002,"d":"254"},{"v":23613.862500000003,"d":"$23,614"},{"v":30839.9625,"d":"$30,840"}]
[7,"4\" / 3\" Dia Sanitary Pipe Wye",60,{"v":0,"d":"0%"},{"$f":"C191*(1+D191)","v":60},"EA",{"v":17.657999999999998,"d":"$17.66"},{"v":1059.4799999999998,"d":"$1,059"},{"v":93,"d":"$93"},{"v":27.450000000000003,"d":"27"},{"v":2552.8500000000004,"d":"$2,553"},{"v":3612.33,"d":"$3,612"}]
[8,"6\" / 4\" Dia Sanitary Pipe Wye",1,{"v":0,"d":"0%"},1,"EA",{"v":16.296,"d":"$16.30"},{"v":16.296,"d":"$16"},{"v":93,"d":"$93"},{"v":0.7537499999999999,"d":"1"},{"v":70.09875,"d":"$70"},{"v":86.39474999999999,"d":"$86"}]
[]
["REDUCER"]
[1,"3\" / 2\" Dia Sanitary Pipe Reducer",90,{"v":0,"d":"0%"},{"$f":"C195*(1+D195)","v":90},"EA",{"v":2.016,"d":"$2.02"},{"$f":"G195*E195","v":{"v":181.44,"d":"$181"}},{"$f":"L$4","v":{"v":93,"d":"$93"}},{"v":18.900000000000002,"d":"19"},{"$f":"J195*I195","v":{"v":1757.7000000000003,"d":"$1,758"}},{"$f":"K195+H195","v":{"v":1939.1400000000003,"d":"$1,939"}}]
[2,"4\" / 2\" Dia Sanitary Pipe Reducer",379,{"v":0,"d":"0%"},{"$f":"C196*(1+D196)","v":379},"EA",{"v":4.5,"d":"$4.50"},{"v":1705.5,"d":"$1,706"},{"v":93,"d":"$93"},{"v":95.22375,"d":"95"},{"v":8855.80875,"d":"$8,856"},{"v":10561.30875,"d":"$10,561"}]
[3,"4\" / 3\" Dia Sanitary Pipe Reducer",4,{"v":0,"d":"0%"},4,"EA",{"v":4.5,"d":"$4.50"},{"$f":"G197*E197","v":{"v":18,"d":"$18"}},{"$f":"L$4","v":{"v":93,"d":"$93"}},{"v":1.0050000000000001,"d":"1"},{"$f":"J197*I197","v":{"v":93.46500000000002,"d":"$93"}},{"$f":"K197+H197","v":{"v":111.46500000000002,"d":"$111"}}]
[]
["VENT PIPE (ABOVE GRADE)"]
["Schdeule 40 PVC Pipe And Fittings And Socket Cemented Joints"]
[1,"2\" Dia Vent Pipe",{"$f":"22687+426","v":23113},{"v":0.05,"d":"5%"},{"$f":"C201*(1+D201)","v":{"v":24268.65,"d":"24269"}},"LFT",{"v":0.5112,"d":"$0.51"},{"$f":"G201*E201","v":{"v":12406.133880000001,"d":"$12,406"}},{"$f":"L$4","v":{"v":93,"d":"$93"}},480,{"$f":"J201*I201","v":{"v":44640,"d":"$44,640"}},{"$f":"K201+H201","v":{"v":57046.13388,"d":"$57,046"}}]
[2,"3\" Dia Vent Pipe",{"$f":"5547+1030","v":6577},{"v":0.05,"d":"5%"},{"$f":"C202*(1+D202)","v":{"v":6905.85,"d":"6906"}},"LFT",{"v":0.99402,"d":"$0.99"},{"v":6864.553017,"d":"$6,865"},{"v":93,"d":"$93"},{"v":162.78075,"d":"163"},{"v":15138.609750000001,"d":"$15,139"},{"v":22003.162767,"d":"$22,003"}]
[3,"4\" Dia Vent Pipe",{"$f":"3603+705","v":4308},{"v":0.05,"d":"5%"},{"v":4523.400000000001,"d":"4523"},"LFT",{"v":1.3489799999999998,"d":"$1.35"},{"v":6101.976132,"d":"$6,102"},{"v":93,"d":"$93"},{"v":124.39350000000002,"d":"124"},{"v":11568.595500000001,"d":"$11,569"},{"v":17670.571632,"d":"$17,671"}]
[]
["VENT PIPE FITTING"]
["ELBOW"]
[1,"2\" Dia Vent Pipe 90 Deg Elbow",2212,{"v":0,"d":"0%"},{"$f":"C207*(1+D207)","v":2212},"EA",{"v":0.738,"d":"$0.74"},{"$f":"G207*E207","v":{"v":1632.456,"d":"$1,632"}},{"$f":"L$4","v":{"v":93,"d":"$93"}},424,{"$f":"J207*I207","v":{"v":39432,"d":"$39,432"}},{"$f":"K207+H207","v":{"v":41064.456,"d":"$41,064"}}]
[2,"3\" Dia Vent Pipe 90 Deg Elbow",260,{"v":0,"d":"0%"},{"$f":"C208*(1+D208)","v":260},"EA",{"v":4.1339999999999995,"d":"$4.13"},{"v":1074.84,"d":"$1,075"},{"v":93,"d":"$93"},{"v":58.5,"d":"59"},{"v":5440.5,"d":"$5,441"},{"v":6515.34,"d":"$6,515"}]
[3,"4\" Dia Vent Pipe 90 Deg Elbow",214,{"v":0,"d":"0%"},214,"EA",{"v":7.3919999999999995,"d":"$7.39"},{"v":1581.888,"d":"$1,582"},{"v":93,"d":"$93"},{"v":59.38499999999999,"d":"59"},{"v":5522.804999999999,"d":"$5,523"},{"v":7104.692999999999,"d":"$7,105"}]
[4,"2\" Dia Vent Pipe 45 Deg Elbow",253,{"v":0,"d":"0%"},{"$f":"C210*(1+D210)","v":253},"EA",{"v":0.858,"d":"$0.86"},{"v":217.07399999999998,"d":"$217"},{"v":93,"d":"$93"},{"v":36.0525,"d":"36"},{"v":3352.8825,"d":"$3,353"},{"v":3569.9565000000002,"d":"$3,570"}]
[5,"3\" Dia Vent Pipe 45 Deg Elbow",13,{"v":0,"d":"0%"},13,"EA",{"v":5.369999999999999,"d":"$5.37"},{"v":69.80999999999999,"d":"$70"},{"v":93,"d":"$93"},{"v":2.925,"d":"3"},{"v":272.025,"d":"$272"},{"v":341.835,"d":"$342"}]
[]
["TEE"]
[1,"2\" Dia Vent Pipe Tee",1448,{"v":0,"d":"0%"},{"$f":"C214*(1+D214)","v":1448},"EA",{"v":0.8999999999999999,"d":"$0.90"},{"$f":"G214*E214","v":{"v":1303.1999999999998,"d":"$1,303"}},{"$f":"L$4","v":{"v":93,"d":"$93"}},412,{"$f":"J214*I214","v":{"v":38316,"d":"$38,316"}},{"$f":"K214+H214","v":{"v":39619.2,"d":"$39,619"}}]
[2,"3\" Dia Vent Pipe Tee",27,{"v":0,"d":"0%"},{"$f":"C215*(1+D215)","v":27},"EA",{"v":6.066,"d":"$6.07"},{"v":163.78199999999998,"d":"$164"},{"v":93,"d":"$93"},{"v":9.1125,"d":"9"},{"v":847.4625000000001,"d":"$847"},{"v":1011.2445,"d":"$1,011"}]
[3,"4\" Dia Vent Pipe Tee",16,{"v":0,"d":"0%"},16,"EA",{"v":10.973999999999998,"d":"$10.97"},{"v":175.58399999999997,"d":"$176"},{"v":93,"d":"$93"},{"v":6.66,"d":"7"},{"v":619.38,"d":"$619"},{"v":794.9639999999999,"d":"$795"}]
[4,"3\" / 2\" Dia Vent Pipe Tee",637,{"v":0,"d":"0%"},637,"EA",{"v":6.588,"d":"$6.59"},{"v":4196.5560000000005,"d":"$4,197"},{"v":93,"d":"$93"},{"v":188.71125,"d":"189"},{"v":17550.14625,"d":"$17,550"},{"v":21746.702250000002,"d":"$21,747"}]
[5,"4\" / 2\" Dia Vent Pipe Tee",489,{"v":0,"d":"0%"},489,"EA",{"v":10.973999999999998,"d":"$10.97"},{"v":5366.285999999999,"d":"$5,366"},{"v":93,"d":"$93"},{"v":170.53875000000002,"d":"171"},{"v":15860.103750000002,"d":"$15,860"},{"v":21226.389750000002,"d":"$21,226"}]
[6,"4\" / 3\" Dia Vent Pipe Tee",66,{"v":0,"d":"0%"},66,"EA",{"v":10.973999999999998,"d":"$10.97"},{"v":724.2839999999999,"d":"$724"},{"v":93,"d":"$93"},{"v":25.740000000000002,"d":"26"},{"v":2393.82,"d":"$2,394"},{"v":3118.1040000000003,"d":"$3,118"}]
[]
["REDUCER"]
[1,"3\" / 2\" Dia Vent Pipe Reducer",5,{"v":0,"d":"0%"},{"$f":"C222*(1+D222)","v":5},"EA",{"v":2.016,"d":"$2.02"},{"$f":"G222*E222","v":{"v":10.08,"d":"$10"}},{"$f":"L$4","v":{"v":93,"d":"$93"}},{"v":1.05,"d":"1"},{"$f":"J222*I222","v":{"v":97.65,"d":"$98"}},{"$f":"K222+H222","v":{"v":107.73,"d":"$108"}}]
[2,"4\" / 2\" Dia Vent Pipe Reducer",2,{"v":0,"d":"0%"},2,"EA",{"v":4.5,"d":"$4.50"},{"v":9,"d":"$9"},{"v":93,"d":"$93"},{"v":0.5025000000000001,"d":"1"},{"v":46.73250000000001,"d":"$47"},{"v":55.73250000000001,"d":"$56"}]
[3,"4\" / 3\" Dia Vent Pipe Reducer",8,{"v":0,"d":"0%"},8,"EA",{"v":4.5,"d":"$4.50"},{"v":36,"d":"$36"},{"v":93,"d":"$93"},{"v":2.0100000000000002,"d":"2"},{"v":186.93000000000004,"d":"$187"},{"v":222.93000000000004,"d":"$223"}]
[]
["INDIRECT WASTE PIPE (BELWO GARDE)"]
["Schdeule 40 PVC Pipe And Fittings And Socket Cemented Joints"]
[1,"3\" Dia Indirect Waste Pipe",3544,{"v":0.05,"d":"5%"},{"$f":"C228*(1+D228)","v":{"v":3721.2000000000003,"d":"3721"}},"LFT",{"v":0.99402,"d":"$0.99"},{"$f":"G228*E228","v":{"v":3698.9472240000005,"d":"$3,699"}},{"$f":"L$4","v":{"v":93,"d":"$93"}},{"v":87.714,"d":"88"},{"$f":"J228*I228","v":{"v":8157.402,"d":"$8,157"}},{"$f":"K228+H228","v":{"v":11856.349224000001,"d":"$11,856"}}]
[]
["INDIRECT WASTE PIPE FITTING"]
["ELBOW"]
[1,"3\" Dia Indirect Waste Pipe 90 Deg Elbow",107,{"v":0,"d":"0%"},{"$f":"C232*(1+D232)","v":107},"EA",{"v":4.1339999999999995,"d":"$4.13"},{"$f":"G232*E232","v":{"v":442.33799999999997,"d":"$442"}},{"$f":"L$4","v":{"v":93,"d":"$93"}},{"v":24.075000000000003,"d":"24"},{"$f":"J232*I232","v":{"v":2238.9750000000004,"d":"$2,239"}},{"$f":"K232+H232","v":{"v":2681.313,"d":"$2,681"}}]
[2,"3\" Dia Indirect Waste Pipe 45 Deg Elbow",107,{"v":0,"d":"0%"},{"$f":"C233*(1+D233)","v":107},"EA",{"v":5.369999999999999,"d":"$5.37"},{"v":574.5899999999999,"d":"$575"},{"v":93,"d":"$93"},{"v":24.075000000000003,"d":"24"},{"v":2238.9750000000004,"d":"$2,239"},{"v":2813.5650000000005,"d":"$2,814"}]
[]
["WYE"]
[1,"3\" / 2\" Dia Indirect Waste Pipe Wye",315,{"v":0,"d":"0%"},{"$f":"C236*(1+D236)","v":315},"EA",{"v":8.867999999999999,"d":"$8.87"},{"$f":"G236*E236","v":{"v":2793.4199999999996,"d":"$2,793"}},{"$f":"L$4","v":{"v":93,"d":"$93"}},{"v":116.94375000000001,"d":"117"},{"$f":"J236*I236","v":{"v":10875.768750000001,"d":"$10,876"}},{"$f":"K236+H236","v":{"v":13669.188750000001,"d":"$13,669"}}]
[]
["STORM DRAIN PIPE (BELOW GRADE)"]
["Solid Wall PVC Pipe, PVC Socket Fittings, And Solvent-Cemented Joints"]
[1,"4\" Dia Storm Drain Pipe",266,{"v":0.05,"d":"5%"},{"$f":"C240*(1+D240)","v":{"v":279.3,"d":"279"}},"LFT",{"v":1.3489799999999998,"d":"$1.35"},{"$f":"G240*E240","v":{"v":376.770114,"d":"$377"}},{"$f":"L$4","v":{"v":93,"d":"$93"}},{"v":9.496200000000002,"d":"9"},{"$f":"J240*I240","v":{"v":883.1466000000001,"d":"$883"}},{"$f":"K240+H240","v":{"v":1259.9167140000002,"d":"$1,260"}}]
[2,"6\" Dia Storm Drain Pipe",581,{"v":0.05,"d":"5%"},{"v":610.0500000000001,"d":"610"},"LFT",{"v":2.5347,"d":"$2.53"},{"v":1546.2937350000002,"d":"$1,546"},{"v":93,"d":"$93"},{"v":28.759499999999996,"d":"29"},{"v":2674.6334999999995,"d":"$2,675"},{"v":4220.927234999999,"d":"$4,221"}]
[3,"8\" Dia Storm Drain Pipe",269,{"v":0.05,"d":"5%"},{"$f":"C242*(1+D242)","v":{"v":282.45,"d":"282"}},"LFT",{"v":3.9262799999999998,"d":"$3.93"},{"v":1108.977786,"d":"$1,109"},{"v":93,"d":"$93"},{"v":22.192500000000003,"d":"22"},{"v":2063.9025,"d":"$2,064"},{"v":3172.880286,"d":"$3,173"}]
[4,"10\" Dia Storm Drain Pipe",347,{"v":0.05,"d":"5%"},{"$f":"C243*(1+D243)","v":{"v":364.35,"d":"364"}},"LFT",{"v":5.255999999999999,"d":"$5.26"},{"$f":"G243*E243","v":{"v":1915.0236,"d":"$1,915"}},{"$f":"L$4","v":{"v":93,"d":"$93"}},{"v":35.784375000000004,"d":"36"},{"$f":"J243*I243","v":{"v":3327.9468750000005,"d":"$3,328"}},{"$f":"K243+H243","v":{"v":5242.970475,"d":"$5,243"}}]
[]
["STORM DRAIN PIPE FITTING"]
["ELBOW"]
[1,"4\" Dia Storm Drain Pipe 45 Deg Elbow",19,{"v":0,"d":"0%"},{"$f":"C247*(1+D247)","v":19},"EA",{"v":7.3919999999999995,"d":"$7.39"},{"$f":"G247*E247","v":{"v":140.44799999999998,"d":"$140"}},{"$f":"L$4","v":{"v":93,"d":"$93"}},{"v":5.2725,"d":"5"},{"$f":"J247*I247","v":{"v":490.3425,"d":"$490"}},{"$f":"K247+H247","v":{"v":630.7905,"d":"$631"}}]
[2,"6\" Dia Storm Drain Pipe 45 Deg Elbow",10,{"v":0,"d":"0%"},{"$f":"C248*(1+D248)","v":10},"EA",{"v":10.65,"d":"$10.65"},{"v":106.5,"d":"$107"},{"v":93,"d":"$93"},{"v":4.574999999999999,"d":"5"},{"v":425.4749999999999,"d":"$425"},{"v":531.9749999999999,"d":"$532"}]
[3,"10\" Dia Storm Drain Pipe 45 Deg Elbow",1,{"v":0,"d":"0%"},1,"EA",{"v":93.378,"d":"$93.38"},{"v":93.378,"d":"$93"},{"v":93,"d":"$93"},{"v":0.7424999999999999,"d":"1"},{"v":69.0525,"d":"$69"},{"v":162.4305,"d":"$162"}]
[4,"4\" Dia Storm Drain Pipe 90 Deg Elbow",1,{"v":0,"d":"0%"},{"$f":"C250*(1+D250)","v":1},"EA",{"v":7.39,"d":"$7.39"},{"v":7.39,"d":"$7"},{"v":93,"d":"$93"},{"v":0.37,"d":"0"},{"v":34.41,"d":"$34"},{"v":41.8,"d":"$42"}]
[]
["WYE"]
[1,"4\" Dia Storm Drain Pipe Wye",2,{"v":0,"d":"0%"},{"$f":"C253*(1+D253)","v":2},"EA",{"v":21.75,"d":"$21.75"},{"$f":"G253*E253","v":{"v":43.5,"d":"$44"}},{"$f":"L$4","v":{"v":93,"d":"$93"}},{"v":0.915,"d":"1"},{"$f":"J253*I253","v":{"v":85.095,"d":"$85"}},{"$f":"K253+H253","v":{"v":128.595,"d":"$129"}}]
[2,"6\" Dia Storm Drain Pipe Wye",1,{"v":0,"d":"0%"},1,"EA",{"v":20.184,"d":"$20.18"},{"v":20.184,"d":"$20"},{"v":93,"d":"$93"},{"v":0.7537499999999999,"d":"1"},{"v":70.09875,"d":"$70"},{"v":90.28275,"d":"$90"}]
[3,"10\" Dia Storm Drain Pipe Wye",1,{"v":0,"d":"0%"},1,"EA",{"v":145.224,"d":"$145.22"},{"v":145.224,"d":"$145"},{"v":93,"d":"$93"},{"v":1.335,"d":"1"},{"v":124.155,"d":"$124"},{"v":269.379,"d":"$269"}]
[4,"6\" / 4\" Dia Storm Drain Pipe Wye",12,{"v":0,"d":"0%"},12,"EA",{"v":16.296,"d":"$16.30"},{"v":195.552,"d":"$196"},{"v":93,"d":"$93"},{"v":9.044999999999998,"d":"9"},{"v":841.1849999999998,"d":"$841"},{"v":1036.7369999999999,"d":"$1,037"}]
[5,"8\" / 4\" Dia Storm Drain Pipe Wye",2,{"v":0,"d":"0%"},2,"EA",{"v":34.362,"d":"$34.36"},{"v":68.724,"d":"$69"},{"v":93,"d":"$93"},{"v":2.445,"d":"2"},{"v":227.385,"d":"$227"},{"v":296.109,"d":"$296"}]
[6,"8\" / \"6 Dia Storm Drain Pipe Wye",7,{"v":0,"d":"0%"},7,"EA",{"v":35.43,"d":"$35.43"},{"v":248.01,"d":"$248"},{"v":93,"d":"$93"},{"v":8.557500000000001,"d":"9"},{"v":795.8475000000001,"d":"$796"},{"v":1043.8575,"d":"$1,044"}]
[7,"10\" / 4\" Dia Storm Drain Pipe Wye",5,{"v":0,"d":"0%"},5,"EA",{"v":42.63,"d":"$42.63"},{"v":213.15,"d":"$213"},{"v":93,"d":"$93"},{"v":8.5,"d":"9"},{"v":790.5,"d":"$791"},{"v":1003.65,"d":"$1,004"}]
[8,"10\" / 6\" Dia Storm Drain Pipe Wye",5,{"v":0,"d":"0%"},5,"EA",{"v":50.141999999999996,"d":"$50.14"},{"v":250.70999999999998,"d":"$251"},{"v":93,"d":"$93"},{"v":6.4125000000000005,"d":"6"},{"v":596.3625000000001,"d":"$596"},{"v":847.0725,"d":"$847"}]
[]
["ROOF DRAIN PIPE (ABOVE GRADE)"]
["Solid Wall PVC Pipe, PVC Socket Fittings, And Solvent-Cemented Joints"]
[1,"4\" Dia Roof Drain Pipe",{"$f":"760+180","v":940},{"v":0.05,"d":"5%"},{"$f":"C264*(1+D264)","v":987},"LFT",{"v":1.3489799999999998,"d":"$1.35"},{"$f":"G264*E264","v":{"v":1331.4432599999998,"d":"$1,331"}},{"$f":"L$4","v":{"v":93,"d":"$93"}},{"v":27.142500000000005,"d":"27"},{"$f":"J264*I264","v":{"v":2524.2525000000005,"d":"$2,524"}},{"$f":"K264+H264","v":{"v":3855.6957600000005,"d":"$3,856"}}]
[2,"6\" Dia Roof Drain Pipe",{"$f":"360+48","v":408},{"v":0.05,"d":"5%"},{"v":428.40000000000003,"d":"428"},"LFT",{"v":2.5347,"d":"$2.53"},{"v":1085.8654800000002,"d":"$1,086"},{"v":93,"d":"$93"},{"v":20.196,"d":"20"},{"v":1878.228,"d":"$1,878"},{"v":2964.0934800000005,"d":"$2,964"}]
[]
["ROOF DRAIN PIPE INSULATION"]
["1\" Thick, Glass Fiber, Performed Pipe Insulation"]
[1,"4\" Dia Roof Drain Pipe",{"$f":"760+180","v":940},{"v":0.05,"d":"5%"},{"$f":"C269*(1+D269)","v":987},"LFT",{"v":1.035,"d":"$1.04"},{"$f":"G269*E269","v":{"v":1021.545,"d":"$1,022"}},{"$f":"L$4","v":{"v":93,"d":"$93"}},{"v":46.53,"d":"47"},{"$f":"J269*I269","v":{"v":4327.29,"d":"$4,327"}},{"$f":"K269+H269","v":{"v":5348.835,"d":"$5,349"}}]
[2,"6\" Dia Roof Drain Pipe",{"$f":"360+48","v":408},{"v":0.05,"d":"5%"},{"v":428.40000000000003,"d":"428"},"LFT",{"v":1.572,"d":"$1.57"},{"v":673.4448000000001,"d":"$673"},{"v":93,"d":"$93"},{"v":23.562000000000005,"d":"24"},{"v":2191.2660000000005,"d":"$2,191"},{"v":2864.7108000000007,"d":"$2,865"}]
[]
["ROOF DRAIN PIPE FITTING"]
["ELBOW"]
[1,"4\" Dia Roof Drain Pipe 90 Deg Elbow",36,{"v":0,"d":"0%"},{"$f":"C274*(1+D274)","v":36},"EA",{"v":7.3919999999999995,"d":"$7.39"},{"$f":"G274*E274","v":{"v":266.11199999999997,"d":"$266"}},{"$f":"L$4","v":{"v":93,"d":"$93"}},{"v":9.99,"d":"10"},{"$f":"J274*I274","v":{"v":929.07,"d":"$929"}},{"$f":"K274+H274","v":{"v":1195.182,"d":"$1,195"}}]
[2,"6\" Dia Roof Drain Pipe 90 Deg Elbow",16,{"v":0,"d":"0%"},16,"EA",{"v":10.65,"d":"$10.65"},{"v":170.4,"d":"$170"},{"v":93,"d":"$93"},{"v":7.32,"d":"7"},{"v":680.76,"d":"$681"},{"v":851.16,"d":"$851"}]
[3,"4\" Dia Roof Drain Pipe 45 Deg Elbow",4,{"v":0,"d":"0%"},{"$f":"C276*(1+D276)","v":4},"EA",{"v":9.63,"d":"$9.63"},{"v":38.52,"d":"$39"},{"v":93,"d":"$93"},{"v":1.1099999999999999,"d":"1"},{"v":103.22999999999999,"d":"$103"},{"v":141.75,"d":"$142"}]
[]
["WYE"]
[1,"4\" Dia Roof Drain Pipe Wye",3,{"v":0,"d":"0%"},{"$f":"C279*(1+D279)","v":3},"EA",{"v":21.75,"d":"$21.75"},{"$f":"G279*E279","v":{"v":65.25,"d":"$65"}},{"$f":"L$4","v":{"v":93,"d":"$93"}},{"v":1.3725,"d":"1"},{"$f":"J279*I279","v":{"v":127.6425,"d":"$128"}},{"$f":"K279+H279","v":{"v":192.89249999999998,"d":"$193"}}]
[]
["REDUCER"]
[1,"6\" / 4\" Roof Drain Pipe Reducer",7,{"v":0,"d":"0%"},{"$f":"C282*(1+D282)","v":7},"EA",{"v":9.5634,"d":"$9.56"},{"$f":"G282*E282","v":{"v":66.9438,"d":"$67"}},{"$f":"L$4","v":{"v":93,"d":"$93"}},{"v":3.2024999999999997,"d":"3"},{"$f":"J282*I282","v":{"v":297.8325,"d":"$298"}},{"$f":"K282+H282","v":{"v":364.7763,"d":"$365"}}]
[]
["OVERFLOW STORM DRAIN PIPE (ABOVE GRADE)"]
["Solid Wall PVC Pipe, PVC Socket Fittings, And Solvent-Cemented Joints"]
[1,"4\" Dia Overflow Drain Pipe",818,{"v":0.05,"d":"5%"},{"$f":"C286*(1+D286)","v":{"v":858.9000000000001,"d":"859"}},"LFT",{"v":1.3489799999999998,"d":"$1.35"},{"$f":"G286*E286","v":{"v":1158.638922,"d":"$1,159"}},{"$f":"L$4","v":{"v":93,"d":"$93"}},{"v":23.619750000000003,"d":"24"},{"$f":"J286*I286","v":{"v":2196.63675,"d":"$2,197"}},{"$f":"K286+H286","v":{"v":3355.275672,"d":"$3,355"}}]
[2,"6\" Dia Overflow Drain Pipe",91,{"v":0.05,"d":"5%"},{"v":95.55,"d":"96"},"LFT",{"v":2.5347,"d":"$2.53"},{"v":242.190585,"d":"$242"},{"v":93,"d":"$93"},{"v":4.5045,"d":"5"},{"v":418.9185,"d":"$419"},{"v":661.109085,"d":"$661"}]
[]
["OVERFLOW STORM DRAIN PIPE INSULATION"]
["1\" Thick, Glass Fiber, Performed Pipe Insulation"]
[1,"4\" Dia Overflow Drain Pipe",818,{"v":0.05,"d":"5%"},{"$f":"C291*(1+D291)","v":{"v":858.9000000000001,"d":"859"}},"LFT",{"v":1.035,"d":"$1.04"},{"$f":"G291*E291","v":{"v":888.9615,"d":"$889"}},{"$f":"L$4","v":{"v":93,"d":"$93"}},{"v":20.2455,"d":"20"},{"$f":"J291*I291","v":{"v":1882.8315,"d":"$1,883"}},{"$f":"K291+H291","v":{"v":2771.793,"d":"$2,772"}}]
[2,"6\" Dia Overflow Drain Pipe",91,{"v":0.05,"d":"5%"},{"$f":"C292*(1+D292)","v":{"v":95.55,"d":"96"}},"LFT",{"v":1.572,"d":"$1.57"},{"v":150.2046,"d":"$150"},{"v":93,"d":"$93"},{"v":2.6276250000000005,"d":"3"},{"v":244.36912500000005,"d":"$244"},{"v":394.5737250000001,"d":"$395"}]
[]
["OVERFLOW STORM DRAIN PIPE FITTING"]
["ELBOW"]
[1,"4\" Dia Overflow Drain Pipe 90 Deg Elbow",24,{"v":0,"d":"0%"},{"$f":"C296*(1+D296)","v":24},"EA",{"v":7.3919999999999995,"d":"$7.39"},{"$f":"G296*E296","v":{"v":177.408,"d":"$177"}},{"$f":"L$4","v":{"v":93,"d":"$93"}},{"v":6.659999999999999,"d":"7"},{"$f":"J296*I296","v":{"v":619.3799999999999,"d":"$619"}},{"$f":"K296+H296","v":{"v":796.7879999999999,"d":"$797"}}]
[2,"6\" Dia Overflow Drain Pipe 90 Deg Elbow",3,{"v":0,"d":"0%"},3,"EA",{"v":10.65,"d":"$10.65"},{"v":31.950000000000003,"d":"$32"},{"v":93,"d":"$93"},{"v":1.3725,"d":"1"},{"v":127.6425,"d":"$128"},{"v":159.5925,"d":"$160"}]
[3,"4\" Dia Overflow Drain Pipe 45 Deg Elbow",10,{"v":0,"d":"0%"},10,"EA",{"v":9.63,"d":"$9.63"},{"v":96.30000000000001,"d":"$96"},{"v":93,"d":"$93"},{"v":2.7750000000000004,"d":"3"},{"v":258.07500000000005,"d":"$258"},{"v":354.37500000000006,"d":"$354"}]
[]
["STANDPIPE"]
["Solid Wall PVC Pipe, PVC Socket Fittings, And Solvent-Cemented Joints"]
[1,"6\" Dia Standpipe To Support Pool Backwash",6,{"v":0.05,"d":"5%"},{"$f":"C302*(1+D302)","v":{"v":6.300000000000001,"d":"6"}},"LFT",{"v":2.5347,"d":"$2.53"},{"$f":"G302*E302","v":{"v":15.968610000000002,"d":"$16"}},{"$f":"L$4","v":{"v":93,"d":"$93"}},{"v":0.29700000000000004,"d":"0"},{"$f":"J302*I302","v":{"v":27.621000000000002,"d":"$28"}},{"$f":"K302+H302","v":{"v":43.58961000000001,"d":"$44"}}]
[]
["PLUMBING FIXTURE"]
[1,"L-1, Lavatory, KOHLER, K-7799-0, Carillon Rectangle Wading Pool, Faucet KOHLER, K-73167-4-BL, Composed Single-Handle Bathroom Sink Faucet With Leaver Handle.",4,{"v":0,"d":"0%"},{"$f":"C305*(1+D305)","v":4},"EA",{"v":355.81,"d":"$355.81"},{"$f":"G305*E305","v":{"v":1423.24,"d":"$1,423"}},{"$f":"L$4","v":{"v":93,"d":"$93"}},{"$f":"E305*2","v":8},{"$f":"J305*I305","v":{"v":744,"d":"$744"}},{"$f":"K305+H305","v":{"v":2167.24,"d":"$2,167"}}]
[2,"L-2, Lavatory, KOHLER, V,  Purist Fireclay Vessel Bathroom Sink With Single Faucet Hole ",3,{"v":0,"d":"0%"},{"$f":"C306*(1+D306)","v":3},"EA",{"v":355.81,"d":"$355.81"},{"$f":"G306*E306","v":{"v":1067.43,"d":"$1,067"}},{"v":93,"d":"$93"},{"$f":"E306*2","v":6},{"$f":"J306*I306","v":{"v":558,"d":"$558"}},{"$f":"K306+H306","v":{"v":1625.43,"d":"$1,625"}}]
[4,"SK-1, Sink, KOHLER, K-25939-NA, Vault Undermount Large Single-Bowl Kitchen Sink With No Faucet Holes, Faucet KOHLER, K-24982-BL, Purist Single Handle Semi-Professional Kitchen Sink Faucet.",2,{"v":0,"d":"0%"},{"$f":"C307*(1+D307)","v":2},"EA",{"v":534.15,"d":"$534.15"},{"$f":"G307*E307","v":{"v":1068.3,"d":"$1,068"}},{"v":93,"d":"$93"},{"$f":"E307*2.5","v":5},{"$f":"J307*I307","v":{"v":465,"d":"$465"}},{"$f":"K307+H307","v":{"v":1533.3,"d":"$1,533"}}]
[5,"UR-1, Urinal, KOHLER, K-5452-ET-0, Defter Washdown Wall-Mount 0.125Gpf Urinal With Top Squad.",1,{"v":0,"d":"0%"},{"$f":"C308*(1+D308)","v":1},"EA",null,{"$f":"G308*E308","v":0},{"v":93,"d":"$93"},{"$f":"E308*2","v":2},{"$f":"J308*I308","v":{"v":186,"d":"$186"}},{"$f":"K308+H308","v":{"v":186,"d":"$186"}}]
[6,"UR-2, Urinal, KOHLER, K-5452-ET-0, Defter Washdown Wall-Mount 0.125Gpf Urinal With Top Squad.",1,{"v":0,"d":"0%"},{"$f":"C309*(1+D309)","v":1},"EA",null,{"$f":"G309*E309","v":0},{"v":93,"d":"$93"},{"$f":"E309*2","v":2},{"$f":"J309*I309","v":{"v":186,"d":"$186"}},{"$f":"K309+H309","v":{"v":186,"d":"$186"}}]
[7,"VR-1, Vacuum Relief Valve, CASH-ACME, Model Number VR-801, (Watts, Conbraco Or Jordan) 3/4\"Vacuum Relief Valve With Brass Body, Heat Resistant Silicone Seat Disc, Brass Working Parts And Dust Cap, The Maximum Pressure Is 200Psi And The Maximum Temperature Is 250°F.",5,{"v":0,"d":"0%"},{"$f":"C310*(1+D310)","v":5},"EA",null,{"$f":"G310*E310","v":0},{"v":93,"d":"$93"},{"$f":"E310*1","v":5},{"$f":"J310*I310","v":{"v":465,"d":"$465"}},{"$f":"K310+H310","v":{"v":465,"d":"$465"}}]
[8,"WC-1, Water Closet, KOHLER, Kingston Comfort Height Two-Piece Elongated 1.28Gpf Chair, Seat KOHLER, K-4650-0, Lustra Elongated Toilet Seat.",5,{"v":0,"d":"0%"},{"$f":"C311*(1+D311)","v":5},"EA",{"v":228.99,"d":"$228.99"},{"$f":"G311*E311","v":{"v":1144.95,"d":"$1,145"}},{"v":93,"d":"$93"},{"$f":"E311*2","v":10},{"$f":"J311*I311","v":{"v":930,"d":"$930"}},{"$f":"K311+H311","v":{"v":2074.95,"d":"$2,075"}}]
[9,"WC-2, Water Closet, KOHLER, K-25077-0, Kingston Comfort Height Two-Piece Elongated 1.28Gpf Chair Height Toilet, Seat KOHLER, K-4650-0, Lustra Elongated Toilet Seat.",2,{"v":0,"d":"0%"},{"$f":"C312*(1+D312)","v":2},"EA",{"v":228.99,"d":"$228.99"},{"$f":"G312*E312","v":{"v":457.98,"d":"$458"}},{"v":93,"d":"$93"},{"$f":"E312*2","v":4},{"$f":"J312*I312","v":{"v":372,"d":"$372"}},{"$f":"K312+H312","v":{"v":829.98,"d":"$830"}}]
[10,"DW-1, Dog Wash Tub, MASTER EQUIPMENT, Model Number TP3820 48, Type 304 Stainless Steel 14 Gauge Tub Basin With Backsplash, Legs, Grooming Bar, Ramp, Drain Polypropylene Hose, Drain Basket And Cover, ZURN Model No. Z843M1-XL, Wall Mounted Rough Chrome Service Sink Faucet With Vandal Resistant Lever Handles, Cast Brass Nozzle With 3/4\" Hose Thread, Brass Vacuum Breaker, Brass Top Brace Assembly With Wall Flange And Mounted Screws, FIAT, Model No 832-AA (OR APPROVED EQUAL) Hose And Hose Bracket With 30\" Long By 5/8\" Diameter Flexible Cloth Reinforced Rubber Hose With 3/4\" Coupling At One End, MCGUIRE, Model No. 2165CC-LK (KOHLER, ZURN OR EBC), Chrome Plated Cast Brass 1/2\" X 1/2\" Compression Type - Loose Key Angle Valve With 12\" Chrome Plated Copper Tube Supplies Wall Flanges.",1,{"v":0,"d":"0%"},{"$f":"C313*(1+D313)","v":1},"EA",null,{"$f":"G313*E313","v":0},{"v":93,"d":"$93"},{"$f":"E313*6","v":6},{"$f":"J313*I313","v":{"v":558,"d":"$558"}},{"$f":"K313+H313","v":{"v":558,"d":"$558"}}]
[11,"GGB-1, Guy Gray Box, IPS MANUFACTURING CO. GUY GRAY WASHER CONNECTION BOX (OR APPROVAL EQUAL), Model Number T-200, Bottom Supply Model With 2\" Drain Pipe, 3/4\" Brass Hose Bibbs With 1 /2\" Combination NPT Or Sweat Connections, Overflow Guard And Corrosion Resistant Powder Coat Finish, Size: 14\"X9-1/4\" With Rough Wall Opening Of 12-3/4\" X 8-1/4\" X 3-1/2\".",295,{"v":0,"d":"0%"},{"$f":"C314*(1+D314)","v":295},"EA",null,{"$f":"G314*E314","v":0},{"$f":"L$4","v":{"v":93,"d":"$93"}},{"$f":"E314*0.7","v":{"v":206.5,"d":"207"}},{"$f":"J314*I314","v":{"v":19204.5,"d":"$19,205"}},{"$f":"K314+H314","v":{"v":19204.5,"d":"$19,205"}}]
[12,"EWC-1, Electric Water Coller (Bottle Filling Station), ELKAY EZH20, Model Number EZOTL8WSSK (HAWS OR OASIS) Bottle Filling Station With Bl-Level Ada Cooler Hands Free Activation 8Gph Stainless, Chilling Capacity Of 8.0Gph Recovery At 50°F Inlet 90°F Ambient Temperature. Electrical Requirements: 115v, 60Hz., 6Amps, Proflo Model No PFPTB108 Chrome Plated Cast Brass 1-1/2\" X 1-1/2\"- 17 Gauge Semi-Cast Brass P-Trap With Cleanout And Wall Flange. Proflo Model No PFXCAC32CLK12 Chrome Plated Brass 1 /2\" X 3/8\" Compression Type - Loose Key Angle Valve With Chrome 12\" Flexible Copper Supplies And Wall Flanges.",1,{"v":0,"d":"0%"},{"$f":"C315*(1+D315)","v":1},"EA",null,{"$f":"G315*E315","v":0},{"v":93,"d":"$93"},{"$f":"E315*4","v":4},{"$f":"J315*I315","v":{"v":372,"d":"$372"}},{"$f":"K315+H315","v":{"v":372,"d":"$372"}}]
[13,"DF-1, Drinking Fountain, WSF CWBF-3 SERIES CWBF-3-RPB-HC-CHD Adult And Child ADA Compliant Outdoor Bottler Filler/Drinkig Fountain With 1 GPM Bottle Fill Rate, One-Piece Fully Welded Construction, Battery Operated Infrared Sensor, 316 Stainless Steel Body, Single Surface CARRIER, Shutoff Valve, Seasonal Bowl Covers And High Polished Stainless Steel Bowls. MCGUIRE 2165CC-LK (KOHLER, ZURN Or EBC) Chrome Plated Cast Brass 1/2\"x1/2\" Compression Type - Loose Key Angle Valve With 12\" Chrome Plated Copper Tube Supplies Wall Flanges.",1,{"v":0,"d":"0%"},{"$f":"C316*(1+D316)","v":1},"EA",null,{"$f":"G316*E316","v":0},{"v":93,"d":"$93"},{"$f":"E316*4","v":4},{"$f":"J316*I316","v":{"v":372,"d":"$372"}},{"$f":"K316+H316","v":{"v":372,"d":"$372"}}]
[13,"MR-1, Mop Receptor, FIAT, Model Number TSB-3001 (OR APPROVED EQUAL), Floor Mounted Terrazzo Basin Drain Body Made Of Stainless Steel Cast Integrally And Provide For A Caulked Lead Connection Not Less Than 1\" Deep To A 3\" Pipe. Basin 32\" X 32\" X 12\" High, ZURN, Model No. Z843M1 -XL, Wall Mounted Rough Chrome Service Sink Faucet With Vandal Resistant Lever Handles, Cast Brass Nozzle With 3/4\" Hose Thread, Brass Vacuum Breaker, Brass Top Brace Assembly With Wall Flange And Mounted Screws, FIAT Model Number 889-CC (OR APPROVED EQUAL) Stainless Mop Hanger, FIAT MODEL NO. 832-AA (OR APPROVED EQUAL), Hose And Hose Bracket With 30\" Long By 5/8\" Diameter Flexible Cloth Reinforced Rubber Hose With 3/4\" Coupling At One End, FIAT MODEL NO. 833-AA (OR APPROVED EQUAL) Silicone Sealer, FIAT MODEL NO. MSG 2424 (OR APPROVED EQUAL), Stainless Steel Wall Guards.",5,{"v":0,"d":"0%"},{"$f":"C317*(1+D317)","v":5},"EA",null,{"$f":"G317*E317","v":0},{"v":93,"d":"$93"},{"$f":"E317*2.5","v":{"v":12.5,"d":"13"}},{"$f":"J317*I317","v":{"v":1162.5,"d":"$1,163"}},{"$f":"K317+H317","v":{"v":1162.5,"d":"$1,163"}}]
[14,"Lavatory (Tag not given)",392,{"v":0,"d":"0%"},392,"EA",{"v":355.81,"d":"$355.81"},{"v":139477.52,"d":"$139,478"},{"$f":"L$4","v":{"v":93,"d":"$93"}},{"$f":"E318*2","v":784},{"v":72912,"d":"$72,912"},{"v":212389.52,"d":"$212,390"}]
[15,"Water Closet (Tag not given)",375,{"v":0,"d":"0%"},375,"EA",{"v":228.99,"d":"$228.99"},{"v":85871.25,"d":"$85,871"},{"v":93,"d":"$93"},{"$f":"E319*2","v":750},{"v":69750,"d":"$69,750"},{"v":155621.25,"d":"$155,621"}]
[18,"Sink (Tag not given)",295,{"v":0,"d":"0%"},295,"EA",{"v":383,"d":"$383.00"},{"v":112985,"d":"$112,985"},{"v":93,"d":"$93"},{"$f":"E320*2.5","v":{"v":737.5,"d":"738"}},{"v":68587.5,"d":"$68,588"},{"v":181572.5,"d":"$181,573"}]
[19,"Sink Disposal Unit",295,{"v":0,"d":"0%"},295,"EA",null,0,{"v":93,"d":"$93"},{"$f":"E321*0.7","v":{"v":206.5,"d":"207"}},{"v":19204.5,"d":"$19,205"},{"v":19204.5,"d":"$19,205"}]
[20,"Shower",295,{"v":0,"d":"0%"},295,"EA",null,0,{"v":93,"d":"$93"},{"$f":"E322*4","v":1180},{"v":109740,"d":"$109,740"},{"v":109740,"d":"$109,740"}]
[21,"Bath Tub",80,{"v":0,"d":"0%"},80,"EA",null,0,{"$f":"L$4","v":{"v":93,"d":"$93"}},{"$f":"E323*4","v":320},{"v":29760,"d":"$29,760"},{"v":29760,"d":"$29,760"}]
[]
["KITCHEN EQUIPMENT (CONNECTION ONLY)"]
[1,"Dishwasher (Furnished by others)",295,{"v":0,"d":"0%"},{"$f":"C326*(1+D326)","v":295},"EA",null,{"$f":"G326*E326","v":0},{"$f":"L$4","v":{"v":93,"d":"$93"}},{"$f":"E326*0.5","v":{"v":147.5,"d":"148"}},{"$f":"J326*I326","v":{"v":13717.5,"d":"$13,718"}},{"$f":"K326+H326","v":{"v":13717.5,"d":"$13,718"}}]
[2,"Washer Box W/ Drain Standpipe (Furnished by others)",295,{"v":0,"d":"0%"},295,"EA",null,0,{"v":93,"d":"$93"},{"$f":"E327*0.5","v":{"v":147.5,"d":"148"}},{"v":13717.5,"d":"$13,718"},{"v":13717.5,"d":"$13,718"}]
[3,"Refrigerator (Furnished by others)",295,{"v":0,"d":"0%"},{"$f":"C328*(1+D328)","v":295},"EA",null,{"$f":"G328*E328","v":0},{"$f":"L$4","v":{"v":93,"d":"$93"}},{"$f":"E328*0.5","v":{"v":147.5,"d":"148"}},{"$f":"J328*I328","v":{"v":13717.5,"d":"$13,718"}},{"$f":"K328+H328","v":{"v":13717.5,"d":"$13,718"}}]
[]
["WATER HEATER"]
[1,"EWH-1, Electric Water Heater, A.O. SMITH, Model Number DEN-52, (RHEEM, BRADFORD WHITE OR LOCHINVAR) Ul Listed, Glass Lined Commercial Electric Water Heater With Simultaneous Dual Element Operation, Heater To Have 50 Gal, Storage Capacity With An Input Of 1Okw And Recovery Of 54 Gph @ 100°F Rise, Heater To Have Dual Element Operation Rated At 5kw Each, Element Shall Have Individual Thermostat And High Temperature Cutoff Switch, Set Water Heater At 120°F, Electrical Requirements: 208v, 1Ph, 60hz, 1Okw, Furnish Heater Complete With T&P Relief Valve Piped To Floor Drain, Provide Heater For Commercial Installation With 3 Year Warranty, Heater To Meet State And Local Code Requirements, Dimensions: 21-1/2\"Dia, By 54-1/2\" Tall, Heater To Be Furnished With A.O. SMITH DRAIN PAN, Piped To Floor Drain.",1,{"v":0,"d":"0%"},{"$f":"C331*(1+D331)","v":1},"EA",null,{"$f":"G331*E331","v":0},{"$f":"L$4","v":{"v":93,"d":"$93"}},{"$f":"E331*4","v":4},{"$f":"J331*I331","v":{"v":372,"d":"$372"}},{"$f":"K331+H331","v":{"v":372,"d":"$372"}}]
[2,"EWH-2, Electric Water Heater, A.O. SMITH, Model Number DEL-10, Glass-Lined Commercial Electric Water Heater, Heater To Have 10Gal Storage Capacity With An Input Of 5kw And A Recovery Of 20 Gph @ 100°F Rise, Heater To Be Equipped With Advanced Electronic Control, Immersion Temperature Control, Economy Mode Operation, Linear Element Sequencing And Power Circuit Fusing, Heater To Have One Element Rated At 4kw, Immersion Temperature Control And Manual Reset High Temperature Cutoff Element, Electrical Requirements: 5kw, 208v / 1Ph, Furnish Heater Complete With Safe Pan And Code Approved P&T Relief Valves, Provide Heater With 3 Year Warranty, Dimensions: 18-1/4\" Dia, By 18\" Tall, Note: Pipe Relief Valve Discharge And Safe Pan Drain To Floor Drain, Provide With Factory Start-Up And Owner Training, Field Set Heater For 130°F.",3,{"v":0,"d":"0%"},3,"EA",null,0,{"v":93,"d":"$93"},{"$f":"E332*3","v":9},{"$f":"J332*I332","v":{"v":837,"d":"$837"}},{"$f":"K332+H332","v":{"v":837,"d":"$837"}}]
[3,"EWH-5, Electric Water Heater, EEMAX, Model Number SPEX95T, Ul Listed \"Flow Controlled\" Wall Mounted Electric Tankless Water Heater With White Abs Cover, Adjustable Temperature 70°F - 140°F, 0.2Gpm Turn-On, Reinforced Heated Body, Replaceable Cartridge Element, Max: Operation Pressure 150Psi, Dimensions: 9.75\" X 5.25\" X 3\" And Electrical Requirements: 7kw, 208v, 1 Ph, 34amp.",5,{"v":0,"d":"0%"},5,"EA",{"v":241.34,"d":"$241.34"},{"v":1206.7,"d":"$1,207"},{"v":93,"d":"$93"},{"$f":"E333*1.5","v":{"v":7.5,"d":"8"}},{"v":697.5,"d":"$698"},{"v":1904.2,"d":"$1,904"}]
[4,"EWH-6, Electric Water Heater, A.O. SMITH, Model Number Del-20, Glass-Lined Commercial Electric Water Heater, Heater To Have 20 Gal Storage Capacity With An Input Of 6kw And A Recovery Of 24 Gph @ 100°F Rise, Heater To Be Equipped With Advanced Electronic Control, Immersion Temperature Control, Economy Mode Operation, Linear Element Sequencing And Power Circuit Fusing, Heater To Have One Element Rated At 6kw, Immersion Temperature Control And Manual Reset High Temperature Cutoff Element, Electrical  Requirements: 6kw, 208v /1ph, Furnish Heater Complete With Safe Pan And Code Approved P&T Relief Valves, Provide Heater With 3 Year Warranty, Dimensions: 21-3/4\" Dia, By 22-1/4\" Tall, Note: Pipe Relief Valve Discharge And Safe Pan Drain To Floor Drain, Provide With Factory Start-Up And Owner Training. Field Set Heater For 130°F.",1,{"v":0,"d":"0%"},1,"EA",null,0,{"v":93,"d":"$93"},{"$f":"E334*3","v":3},{"v":279,"d":"$279"},{"v":279,"d":"$279"}]
[5,"Electric Water Heater (Studio 1-Bedroom Units) Heater To Have 40 Gal Storage Capacity ",215,{"v":0,"d":"0%"},{"$f":"C335*(1+D335)","v":215},"EA",{"v":463.29,"d":"$463.29"},{"$f":"G335*E335","v":{"v":99607.35,"d":"$99,607"}},{"$f":"L$4","v":{"v":93,"d":"$93"}},{"$f":"E335*1.5","v":{"v":322.5,"d":"323"}},{"v":29992.5,"d":"$29,993"},{"v":129599.85,"d":"$129,600"}]
[6,"EWH-3, Electric Water Heater (2-Bedroom Units), A.O. SMITH, Model Number ENS-50, Glass-Lined Residential Electric Water Heater, Heater To Have 50 Gal Storage Capacity With An Input Of 4.5kw And A Recovery Of 21Gph @ 90°F Rise, Heater To Have Two Incoloy Stainless Steel Elements Rated At 4.5Kw Non-Simultaneous Operation And 'COREGARD' Stainless Steel Core Anode Rod, Electrical Requirements: 4.5kw, 240v, 1Ph, Furnish Heater Complete With Safe Pan And Code Approved P&T Relief Valves, Provide Heater With 2 Year Warranty, Units To Be Ul 174 Listed, Dimensions: 23\" Dia, By 49-1/4\" Tall, Note: Pipe Relief Valve Discharge And Safe Pan Drain To Mop Receptor, Provide With Factory Start-Up And Owner Training, Field Set Heater For 120°F.",80,{"v":0,"d":"0%"},80,"EA",{"v":594.56,"d":"$594.56"},{"v":47564.799999999996,"d":"$47,565"},{"v":93,"d":"$93"},{"$f":"E336*1.5","v":120},{"v":11160,"d":"$11,160"},{"v":58724.799999999996,"d":"$58,725"}]
[]
["EXPANSION TANK"]
[1,"ET-1, Expation Tank, AMTROL THERM-X-TROL,  Model Number ST-180V-C, (Wessels Or Watts) 125Psi Asme Constructed Hot Water Expansion Tank With 150Psi, Maximum Working Pressure, 200°F Maximum Operating Temperature, 1-1 / 4\" System Connection, 77 Gal, Tank, 45Max: Acceptance Volume, 24\" Dia, X 49\" High Tank With A Ship Weight Of 285Lbs, Note: Contractor To Field Adjust Tank To System Pressure Parameters In Accordance To Manufacturers Instructions.",1,{"v":0,"d":"0%"},{"$f":"C339*(1+D339)","v":1},"EA",{"v":3494.89,"d":"$3,494.89"},{"$f":"G339*E339","v":{"v":3494.89,"d":"$3,495"}},{"$f":"L$4","v":{"v":93,"d":"$93"}},{"$f":"E339*6","v":6},{"$f":"J339*I339","v":{"v":558,"d":"$558"}},{"$f":"K339+H339","v":{"v":4052.89,"d":"$4,053"}}]
[2,"ET-2, Expation Tank, AMTROL THERM-X-TROL, Model Number ST-5-C, (Watts Or Wessels) Steel Constructed Expansion Tank With 150 Psi, Maximum Working Pressure, 200°F Maximum Operating Temperature, 3/ 4\" System Connection, 2.1Gal, Volume, .43 Acceptance Factor, 10\" Dia, X 10-3/8\" High Tank, Asme Rated Tank, Provide Independent Support For Expansion Tank, Do Not Support From Piping.",4,{"v":0,"d":"0%"},4,"EA",{"v":1148.4,"d":"$1,148.40"},{"v":4593.6,"d":"$4,594"},{"v":93,"d":"$93"},{"$f":"E340*2","v":8},{"v":744,"d":"$744"},{"v":5337.6,"d":"$5,338"}]
[]
["PUMP"]
[1,"Domestic Booster Pump/HP-1, Duplex Water Pressure Booster Pump System, METROPOLITAN, \"METRO VARIPAC SYSTEM-2100\", Model Number VMS-MTlll-5D-PIH-80, (SYNCROFLOW, BELL & GOSSETT OR QUANTUMFLO), Duplex Variable Speed Pump System. All Wetted Components Of The System Shall Be In Strict Compliance With ANSI / NSF-372, For Low-Lead Content, The System Shall Be Designed To Provide The Scheduled Flow-Rate Of 350Gpm At A Discharge Pressure Of 80Psi Based On A Net Suction Pressure Of 60Psi, The System Shall Include A Metrotech-III Micro 820 Logic Panel With A Programmable Controller, And A 7\" Diagonal 65,500-Color Touch-Screen Operator Interface Panel, The Screen Shall Show System Status, And Provide For The Entry Of Set-Points And Commands, The Programmable Controller Shall Be Of The Field Programmable Design, The 320x234-Pixel Color Touch-Screen Shall Indicate Audable And Visual Alarms With Remote Alarm Contact Terminals, For The Following Conditions: High System Pressure; Low System Pressure; Low Suction Pressure; And A Common Alarm. In Order To Ensure The Intended Operation, A Minimum Of (1) 119Gallon ASME-Rated Hydro-Pneumatic Tank, One (1) Local 'System' Discharge Pressure Transducer, One (1) Local 'Suction' Pressure Transducer, And Two (2) Dedicated Variable Frequency Invertors Shall Be Provided. The Controller Shalil Automatically Maintain 80Psi At The System Discharge Transmitter. The Controller Shall Also Raise The Set-Point Pressure At Low Flow Periods, Charge The Hydro-Pneumatic Tank, And Shut-Down The Pumps Until Flow Resumes. Each Of The Pumps Shall Be The Cast Iron Stainless-Fitted Type, With Cast Iron Casings, And Stainless Impellers, Diffusers, And Shafts. The Pumps Shall Be Designed With One-Piece \"Cartridge-Type\" Mechanical Seals & Replacable One-Piece Replacable Stack-Kit For Ease Of Maintenance & Servicability. Each Of The Two (2) Pumps Shall Be Coupled To A 5Hp, Variable-Rpm, 3Ph, 60Hz, 208Volt Motor With A 1.15-Service Factor, And Tefc-Enclosure, Of The High-Efficinency Type.",1,{"v":0,"d":"0%"},{"$f":"C343*(1+D343)","v":1},"EA",{"v":32348.35,"d":"$32,348.35"},{"$f":"G343*E343","v":{"v":32348.35,"d":"$32,348"}},{"$f":"L$4","v":{"v":93,"d":"$93"}},{"$f":"E343*48","v":48},{"$f":"J343*I343","v":{"v":4464,"d":"$4,464"}},{"$f":"K343+H343","v":{"v":36812.35,"d":"$36,812"}}]
[2,"Elevator Pit Pump/PP-1,  Elevator Pit Sump Pump (100 Gpm), METROPOLITAN SIMPLEX PUMP SYSTEM, Model Number SEF100M HEAVY-DUTY SUBMERSIBLE PUMP, With Cast Iron Recessed / Vortex Impeller, Ano Carbon-Ceramic Mechanical-Seal, The Pump Shall Have A 3-Inch Discharge, And Shall Be Rated 100Gpm @ 20-Ft, Tdh, Close-Coupled To A 1Hp, 3Phase, 460Volt.",6,{"v":0,"d":"0%"},{"$f":"C344*(1+D344)","v":6},"EA",null,{"$f":"G344*E344","v":0},{"$f":"L$4","v":{"v":93,"d":"$93"}},{"$f":"E344*4","v":24},{"$f":"J344*I344","v":{"v":2232,"d":"$2,232"}},{"$f":"K344+H344","v":{"v":2232,"d":"$2,232"}}]
[]
["METER"]
[1,"Building Water Meter Per Village Requirements",1,{"v":0,"d":"0%"},{"$f":"C347*(1+D347)","v":1},"EA",null,{"$f":"G347*E347","v":0},{"$f":"L$4","v":{"v":93,"d":"$93"}},{"$f":"E347*2","v":2},{"$f":"J347*I347","v":{"v":186,"d":"$186"}},{"$f":"K347+H347","v":{"v":186,"d":"$186"}}]
[2,"Submeter W/ Ceiling Access Panel",295,{"v":0,"d":"0%"},{"$f":"C348*(1+D348)","v":295},"EA",null,0,{"v":93,"d":"$93"},{"$f":"E348*1","v":295},{"v":27435,"d":"$27,435"},{"v":27435,"d":"$27,435"}]
[]
["NON-FREEZE WALL HYDRANT"]
[1,"3/4\" Dia NFWH-1, Non Freeze Wall Hydrent, J.R. SMITH, Model Number 5509QT-NB (ZURN, JOSAM, MIFAB OR WADE), Bronze Nickel Plated Quarter Turn Non-Freeze Wall Hydrant With Hose Connection, Recessed Box With Nickel Bronze Box Face, Integral Vacuum Breaker, Locking Cover And “T\" Handle Key, Install With Dcv-1 Backflow Preventer Immediately Upstream In An Accessible Location.",12,{"v":0,"d":"0%"},{"$f":"C351*(1+D351)","v":12},"EA",{"v":332.74,"d":"$332.74"},{"$f":"G351*E351","v":{"v":3992.88,"d":"$3,993"}},{"$f":"L$4","v":{"v":93,"d":"$93"}},{"$f":"E351*1.2","v":{"v":14.399999999999999,"d":"14"}},{"$f":"J351*I351","v":{"v":1339.1999999999998,"d":"$1,339"}},{"$f":"K351+H351","v":{"v":5332.08,"d":"$5,332"}}]
[]
["NON-FREEZE HOSE BIBB"]
[1,"3/4\" Dia HB-1, Hose Bibb, J.R. SMITH, Model Number 5519-SAP (WOODFORD, ZURN, WADE OR MIFAB), Bronze Quarter Turn Automatic Draining Hydrant With Stainless Steel Face, Hose Connection, Mild\nClimate, Integral Vacuum Breaker And Dual Check Valve, \"T\" Handle Key, Wheel Handle And Stainless Steel Box With Full 180° Cover Opening.",1,{"v":0,"d":"0%"},{"$f":"C354*(1+D354)","v":1},"EA",{"v":281.75,"d":"$281.75"},{"$f":"G354*E354","v":{"v":281.75,"d":"$282"}},{"$f":"L$4","v":{"v":93,"d":"$93"}},{"$f":"E354*0.7","v":{"v":0.7,"d":"1"}},{"$f":"J354*I354","v":{"v":65.1,"d":"$65"}},{"$f":"K354+H354","v":{"v":346.85,"d":"$347"}}]
[]
["THERMOSTATIC MIXING VALVE"]
[1,"3/4\" Dia TMV-1, Thermostatic Mixing Valve (Point-Of-Use), SYMMONS, (LAWLER OR LEONARD) \"MAXLINE\", Model Number 7-210-CKX-NI, Lead Free Thermostatic Mixing Valve With 3/8\" Inlets And Outlet With Compression Fittings, Brass And Bronze Body, Stainless Steel Flow Control Components, Vandal Resistant Lockable Handle, Separate Checks, Walil Bracket, Rough Chrome Finish, Set Temperature At 110°F Maximum.",7,{"v":0,"d":"0%"},{"$f":"C357*(1+D357)","v":7},"EA",{"v":58.24,"d":"$58.24"},{"$f":"G357*E357","v":{"v":407.68,"d":"$408"}},{"$f":"L$4","v":{"v":93,"d":"$93"}},{"$f":"E357*0.6","v":{"v":4.2,"d":"4"}},{"$f":"J357*I357","v":{"v":390.6,"d":"$391"}},{"$f":"K357+H357","v":{"v":798.28,"d":"$798"}}]
[]
["REDUCED PRESSURE ZONE"]
[1,"8\" RPBP-1, Reduced Pressure Backflow Preventer, WATTS REGULATOR CO, Model Number MODEL LF909QT-S (FEBCO, WILKINS OR CONBRACO), Lead Free Bronze Body Reduced Pressure Principle Backflow Preventer, The Assembly Shall Consist Of A Pressure Differential Relief Valve Located In A Zone Between Two Positive Seating Check Valves, Backsiphonage Protection Shall Include Provision To Admit Air Directly Into The Reduced Pressure Zone Via A Separate Channel From The Water Discharge Channel, The Assembly Shalil Include A Tightly Closing Shutoff Valve Before And After The Assembly, Bronze Strainer, Test Cocks, The Assembly Shalil Meet The Requirements Of ASSE Std, 1013: AWWA Std. C511-89: Csa B64.4: Fccchr Of Usc Manual Section 10. ",1,{"v":0,"d":"0%"},{"$f":"C360*(1+D360)","v":1},"EA",null,{"$f":"G360*E360","v":0},{"$f":"L$4","v":{"v":93,"d":"$93"}},{"$f":"E360*4","v":4},{"$f":"J360*I360","v":{"v":372,"d":"$372"}},{"$f":"K360+H360","v":{"v":372,"d":"$372"}}]
[]
["FLOOR DRAIN"]
[1,"2\" Dia Floor Drain W/ Trap Guard",275,{"v":0,"d":"0%"},{"$f":"C363*(1+D363)","v":275},"EA",null,{"$f":"G363*E363","v":0},{"$f":"L$4","v":{"v":93,"d":"$93"}},{"$f":"E363*0.5","v":{"v":137.5,"d":"138"}},{"$f":"J363*I363","v":{"v":12787.5,"d":"$12,788"}},{"$f":"K363+H363","v":{"v":12787.5,"d":"$12,788"}}]
[2,"2\" Dia 6\"x6\" FD, Nickle-Bronzed Finished Floor Drain W/ Trap Primer",5,{"v":0,"d":"0%"},5,"EA",null,0,{"v":93,"d":"$93"},{"v":2.5,"d":"3"},{"v":232.5,"d":"$233"},{"v":232.5,"d":"$233"}]
[3,"3\" Dia FD-1,Floor Drain (Finished), J.R. SMITH, Model Number 2010-B-U-NB (ZURN, WADE, WATTS OR MIFAB), Duco Cast Iron Body & Flashing Collar With Vandal Proof 6\" Square Nickel Bronze Adjustable Strainer Head, Note: Provide With ASSE 1072 Listed Trap Guard For Each Drain.",4,{"v":0,"d":"0%"},4,"EA",null,0,{"v":93,"d":"$93"},2,{"v":186,"d":"$186"},{"v":186,"d":"$186"}]
[4,"4\" Dia FD-1,Floor Drain (Finished), J.R. SMITH, Model Number 2010-B-U-NB (ZURN, WADE, WATTS OR MIFAB), Duco Cast Iron Body & Flashing Collar With Vandal Proof 6\" Square Nickel Bronze Adjustable Strainer Head, Note: Provide With ASSE 1072 Listed Trap Guard For Each Drain.",6,{"v":0,"d":"0%"},6,"EA",{"v":102.24,"d":"$102.24"},{"v":613.4399999999999,"d":"$613"},{"v":93,"d":"$93"},3,{"v":279,"d":"$279"},{"v":892.4399999999999,"d":"$892"}]
[5,"4\" Dia FD-2, Floor Drain (Mechanical Room), J.R. SMITH, Model Number 2360-FBS-B (ZURN, JOSAM, MIFAB OR WADE), 12\" Dia. Duco Cast Iron Body & Flashing Collar With Flat Bottom Strainer, Adjustable 12\" Dia, Loose Set Cast Iron Top And Bar Grate With Sediment Bucket, Note: Provide With Asse 1072 Listed Trap Guard For Each Drain.",2,{"v":0,"d":"0%"},2,"EA",null,0,{"v":93,"d":"$93"},1,{"v":93,"d":"$93"},{"v":93,"d":"$93"}]
[6,"4\" Dia FD-3, Floor Drain, JOSAM 30000-PVC-SS-8A (ZURN,WADE,WATTS Or MIFAB) PVC Body & Flashing Collar With Vandal Proof 8\" Dia. Stainless Steel Adjustable Strainer Head.",2,{"v":0,"d":"0%"},2,"EA",null,0,{"v":93,"d":"$93"},1,{"v":93,"d":"$93"},{"v":93,"d":"$93"}]
[]
["ROOF DRAIN"]
[2,"4\" Dia RD-1, Roof Drain, J.R. SMITH, Model Number 1010-C-E-R-U, (ZURN, JOSAM OR WADE) 16\" Diameter Duco Cast Iron Body With Combined Flashing Clamp And Gravel Stop, Underdeck Clamp, Extension, Sump Receiver And Vandal Proof Cast Iron Dome.",18,{"v":0,"d":"0%"},18,"EA",{"v":168.03,"d":"$168.03"},{"$f":"G371*E371","v":{"v":3024.54,"d":"$3,025"}},{"$f":"L$4","v":{"v":93,"d":"$93"}},{"$f":"E371*0.5","v":9},{"$f":"J371*I371","v":{"v":837,"d":"$837"}},{"$f":"K371+H371","v":{"v":3861.54,"d":"$3,862"}}]
[1,"4\" Dia ORD-1, Overflow Roof Drain, J.R. SMITH,  Model Number 1080-LPD-C-E-R-U,(ZURN, JOSAM, MIFAB OR WADE) Dugo Cast Iron Body With Combined Flashing Clamp And Gravel Stop, Cast Iron 2\"Dam Height, Underdeck Clamp, Extension, Sump Receiver And Vandal Proof Cast Iron Low Profile Dome.",18,{"v":0,"d":"0%"},{"$f":"C372*(1+D372)","v":18},"EA",{"v":321.97,"d":"$321.97"},{"$f":"G372*E372","v":{"v":5795.460000000001,"d":"$5,795"}},{"$f":"L$4","v":{"v":93,"d":"$93"}},{"$f":"E372*0.5","v":9},{"v":837,"d":"$837"},{"v":6632.460000000001,"d":"$6,632"}]
[2,"6\" Dia RD-1, Roof Drain, J.R. SMITH, Model Number 1010-C-E-R-U, (ZURN, JOSAM OR WADE) 16\" Diameter Duco Cast Iron Body With Combined Flashing Clamp And Gravel Stop, Underdeck Clamp, Extension, Sump Receiver And Vandal Proof Cast Iron Dome.",9,{"v":0,"d":"0%"},9,"EA",{"v":335.66,"d":"$335.66"},{"v":3020.94,"d":"$3,021"},{"v":93,"d":"$93"},{"$f":"E373*0.5","v":{"v":4.5,"d":"5"}},{"v":418.5,"d":"$419"},{"v":3439.44,"d":"$3,439"}]
[1,"6\" Dia ORD-1, Overflow Roof Drain, J.R. SMITH,  Model Number 1080-LPD-C-E-R-U,(ZURN, JOSAM, MIFAB OR WADE) Dugo Cast Iron Body With Combined Flashing Clamp And Gravel Stop, Cast Iron 2\"Dam Height, Underdeck Clamp, Extension, Sump Receiver And Vandal Proof Cast Iron Low Profile Dome.",9,{"v":0,"d":"0%"},9,"EA",null,0,{"v":93,"d":"$93"},{"$f":"E374*0.5","v":{"v":4.5,"d":"5"}},{"v":418.5,"d":"$419"},{"v":418.5,"d":"$419"}]
[]
["OPEN SITE DRAIN"]
[2,"6\" Dia Open Site Drain",5,{"v":0,"d":"0%"},5,"EA",null,0,{"v":93,"d":"$93"},{"$f":"E377*0.5","v":{"v":2.5,"d":"3"}},{"$f":"J377*I377","v":{"v":232.5,"d":"$233"}},{"$f":"K377+H377","v":{"v":232.5,"d":"$233"}}]
[]
["DOWNSPOUT NOZZLE"]
[1,"4\" Dia DSN/WS-1 Wall Spout, J.R. SMITH, Model Number 1770-BS-NB (ZURN, JOSAM, MIFAB OR WADE) Cast Bronze Nozzle And Flange, With Stainless Steel Birdscreen And Nickel Bronze Finish, Coordinate Nozzle Size With Pipe Size. ",24,{"v":0,"d":"0%"},{"$f":"C380*(1+D380)","v":24},"EA",{"v":214.47,"d":"$214.47"},{"$f":"G380*E380","v":{"v":5147.28,"d":"$5,147"}},{"$f":"L$4","v":{"v":93,"d":"$93"}},{"$f":"E380*0.5","v":12},{"$f":"J380*I380","v":{"v":1116,"d":"$1,116"}},{"$f":"K380+H380","v":{"v":6263.28,"d":"$6,263"}}]
[2,"6\" Dia DSN/WS-1 Wall Spout, J.R. SMITH, Model Number 1770-BS-NB (ZURN, JOSAM, MIFAB OR WADE) Cast Bronze Nozzle And Flange, With Stainless Steel Birdscreen And Nickel Bronze Finish, Coordinate Nozzle Size With Pipe Size. ",3,{"v":0,"d":"0%"},3,"EA",null,0,{"v":93,"d":"$93"},{"$f":"E381*0.5","v":{"v":1.5,"d":"2"}},{"v":139.5,"d":"$140"},{"v":139.5,"d":"$140"}]
[]
["SCUPPER DRAIN"]
[1,"4\" Dia Wall Spout/Scrupper",18,{"v":0,"d":"0%"},{"$f":"C384*(1+D384)","v":18},"EA",null,{"$f":"G384*E384","v":0},{"$f":"L$4","v":{"v":93,"d":"$93"}},{"$f":"E384*0.45","v":{"v":8.1,"d":"8"}},{"$f":"J384*I384","v":{"v":753.3,"d":"$753"}},{"$f":"K384+H384","v":{"v":753.3,"d":"$753"}}]
[]
["CLEANOUTS"]
[1,"2\" Dia Cleanout",2,{"v":0,"d":"0%"},{"$f":"C387*(1+D387)","v":2},"EA",null,{"$f":"G387*E387","v":0},{"$f":"L$4","v":{"v":93,"d":"$93"}},{"$f":"E387*0.5","v":1},{"$f":"J387*I387","v":{"v":93,"d":"$93"}},{"$f":"K387+H387","v":{"v":93,"d":"$93"}}]
[2,"3\" Dia Cleanout",17,{"v":0,"d":"0%"},17,"EA",null,0,{"v":93,"d":"$93"},{"$f":"E388*0.5","v":{"v":8.5,"d":"9"}},{"v":790.5,"d":"$791"},{"v":790.5,"d":"$791"}]
[3,"4\" Dia Cleanout",27,{"v":0,"d":"0%"},27,"EA",null,0,{"v":93,"d":"$93"},{"$f":"E389*0.5","v":{"v":13.5,"d":"14"}},{"v":1255.5,"d":"$1,256"},{"v":1255.5,"d":"$1,256"}]
[]
["WALL CLEANOUT"]
[1,"2\" Dia WCO, Wall Cleanout",485,{"v":0,"d":"0%"},485,"EA",null,{"$f":"G392*E392","v":0},{"$f":"L$4","v":{"v":93,"d":"$93"}},{"$f":"E392*0.5","v":{"v":242.5,"d":"243"}},{"$f":"J392*I392","v":{"v":22552.5,"d":"$22,553"}},{"$f":"K392+H392","v":{"v":22552.5,"d":"$22,553"}}]
[2,"4\" Dia WCO, Wall Cleanout",2,{"v":0,"d":"0%"},2,"EA",null,{"$f":"G393*E393","v":0},{"$f":"L$4","v":{"v":93,"d":"$93"}},{"$f":"E393*0.5","v":1},{"v":93,"d":"$93"},{"v":93,"d":"$93"}]
[]
["FLOOR CLEANOUT"]
[1,"4\" Dia FCO, Floor Cleanout",3,{"v":0,"d":"0%"},3,"EA",null,{"$f":"G396*E396","v":0},{"$f":"L$4","v":{"v":93,"d":"$93"}},{"$f":"E396*0.5","v":{"v":1.5,"d":"2"}},{"$f":"J396*I396","v":{"v":139.5,"d":"$140"}},{"$f":"K396+H396","v":{"v":139.5,"d":"$140"}}]
[2,"6\" Dia FCO, Floor Cleanout",18,{"v":0,"d":"0%"},18,"EA",null,0,{"v":93,"d":"$93"},{"$f":"E397*0.5","v":9},{"v":837,"d":"$837"},{"v":837,"d":"$837"}]
[3,"8\" Dia FCO, Floor Cleanout",10,{"v":0,"d":"0%"},10,"EA",null,0,{"v":93,"d":"$93"},{"$f":"E398*0.5","v":5},{"v":465,"d":"$465"},{"v":465,"d":"$465"}]
[4,"10\" Dia FCO, Floor Cleanout",7,{"v":0,"d":"0%"},{"$f":"C399*(1+D399)","v":7},"EA",null,{"$f":"G399*E399","v":0},{"$f":"L$4","v":{"v":93,"d":"$93"}},{"$f":"E399*0.5","v":{"v":3.5,"d":"4"}},{"v":325.5,"d":"$326"},{"v":325.5,"d":"$326"}]
[]
["GRADE CLEANOUT"]
[1,"4\" Dia GCO, Grade Cleanout",2,{"v":0,"d":"0%"},2,"EA",null,{"$f":"G402*E402","v":0},{"$f":"L$4","v":{"v":93,"d":"$93"}},{"$f":"E402*0.5","v":1},{"$f":"J402*I402","v":{"v":93,"d":"$93"}},{"$f":"K402+H402","v":{"v":93,"d":"$93"}}]
[2,"8\" Dia GCO, Grade Cleanout",3,{"v":0,"d":"0%"},3,"EA",null,{"$f":"G403*E403","v":0},{"$f":"L$4","v":{"v":93,"d":"$93"}},{"$f":"E403*0.5","v":{"v":1.5,"d":"2"}},{"v":139.5,"d":"$140"},{"v":139.5,"d":"$140"}]
[]
["FLOOR SINK"]
[1,"4\" Dia S-1, Floor Sink, MIFAB, Model Number FS724-30-89-150 (JOSAM, WATTS, J.R.SMITH, ZURN OR WAIDE), 12 Inch Square x 6 Inch Deep Pvc Floor Sink With 4 Inch Diameter Outlet, Pvc Bottom Dome Strainer And Pvc Loose Set Half Grate, Note: Where Required By Code Set Floor Sink With Rim 1 Inch Above Finished Floor Surface To Comply With Code, Receptor May Be Set Flush With Finished Floor Surface Only As Allowable By code Authority.",1,{"v":0,"d":"0%"},1,"EA",null,0,{"v":93,"d":"$93"},{"$f":"E406*2","v":2},{"$f":"J406*I406","v":{"v":186,"d":"$186"}},{"$f":"K406+H406","v":{"v":186,"d":"$186"}}]
[]
["INDIRECT WASTE RECEIVER"]
[1,"3\" Dia Indirect Waste Receiver",44,{"v":0,"d":"0%"},{"$f":"C409*(1+D409)","v":44},"EA",null,{"$f":"G409*E409","v":0},{"$f":"L$4","v":{"v":93,"d":"$93"}},{"$f":"E409*0.5","v":22},{"$f":"J409*I409","v":{"v":2046,"d":"$2,046"}},{"$f":"K409+H409","v":{"v":2046,"d":"$2,046"}}]
[]
["TRAP PRIMER"]
[1,"1/2\" Dia TP-1, Trap Primer, PPP INC, Model Number MP-500-115V,  'Mini-Prime' Automatic Electric Operated Timer Controlled Trap Primer With 1 /2\"Inlet & 1 /2\"Outlet, Circuit Breaker, Ul Listed Timer Solenoid Valve And Distribution Unit, Electric Requirements: 115v, 1Ph, 0.5Amps.",3,{"v":0,"d":"0%"},{"$f":"C412*(1+D412)","v":3},"EA",null,{"$f":"G412*E412","v":0},{"$f":"L$4","v":{"v":93,"d":"$93"}},{"$f":"E412*2","v":6},{"$f":"J412*I412","v":{"v":558,"d":"$558"}},{"$f":"K412+H412","v":{"v":558,"d":"$558"}}]
[2,"1/2\" Dia TP-2, Trap Primer, J.R. SMITH, Model Number 2699-1, (ZURN, MIFAB, JOSAM OR WADE) Automatic Trap Primer With Cast Bronze Body And 1/2\" Copper Sweat Connection",1,{"v":0,"d":"0%"},{"$f":"C413*(1+D413)","v":1},"EA",{"v":38.55,"d":"$38.55"},{"$f":"G413*E413","v":{"v":38.55,"d":"$39"}},{"$f":"L$4","v":{"v":93,"d":"$93"}},{"$f":"E413*0.7","v":{"v":0.7,"d":"1"}},{"v":65.1,"d":"$65"},{"v":103.64999999999999,"d":"$104"}]
[]
["P-TRAP"]
[1,"2\" Dia P-Trap",280,{"v":0,"d":"0%"},{"$f":"C416*(1+D416)","v":280},"EA",null,{"$f":"G416*E416","v":0},{"$f":"L$4","v":{"v":93,"d":"$93"}},{"$f":"E416*0.25","v":70},{"$f":"J416*I416","v":{"v":6510,"d":"$6,510"}},{"$f":"K416+H416","v":{"v":6510,"d":"$6,510"}}]
[2,"3\" Dia P-Trap",4,{"v":0,"d":"0%"},{"$f":"C417*(1+D417)","v":4},"EA",null,0,{"v":93,"d":"$93"},{"$f":"E417*0.3","v":{"v":1.2,"d":"1"}},{"v":111.6,"d":"$112"},{"v":111.6,"d":"$112"}]
[3,"4\" Dia P-Trap",10,{"v":0,"d":"0%"},10,"EA",null,0,{"v":93,"d":"$93"},{"$f":"E418*0.4","v":4},{"v":372,"d":"$372"},{"v":372,"d":"$372"}]
[]
["SHOCK ABSORBER"]
[1,"3/4\" Dia Water Hammer Arrestor",634,{"v":0,"d":"0%"},{"$f":"C421*(1+D421)","v":634},"EA",null,{"$f":"G421*E421","v":0},{"$f":"L$4","v":{"v":93,"d":"$93"}},{"$f":"E421*0.2","v":{"v":126.80000000000001,"d":"127"}},{"$f":"J421*I421","v":{"v":11792.400000000001,"d":"$11,792"}},{"$f":"K421+H421","v":{"v":11792.400000000001,"d":"$11,792"}}]
[]
["VENT THROUGH ROOF"]
[1,"2\" Dia VTR, Vent Through Roof",1,{"v":0,"d":"0%"},{"$f":"C424*(1+D424)","v":1},"EA",null,{"$f":"G424*E424","v":0},{"$f":"L$4","v":{"v":93,"d":"$93"}},{"$f":"E424*0.4","v":{"v":0.4,"d":"0"}},{"$f":"J424*I424","v":{"v":37.2,"d":"$37"}},{"$f":"K424+H424","v":{"v":37.2,"d":"$37"}}]
[2,"3\" Dia VTR, Vent Through Roof",24,{"v":0,"d":"0%"},24,"EA",null,0,{"v":93,"d":"$93"},{"$f":"E425*0.4","v":{"v":9.600000000000001,"d":"10"}},{"v":892.8000000000002,"d":"$893"},{"v":892.8000000000002,"d":"$893"}]
[3,"4\" Dia VTR, Vent Through Roof",69,{"v":0,"d":"0%"},{"$f":"C426*(1+D426)","v":69},"EA",null,0,{"v":93,"d":"$93"},{"$f":"E426*0.5","v":{"v":34.5,"d":"35"}},{"v":3208.5,"d":"$3,209"},{"v":3208.5,"d":"$3,209"}]
[]
["VALVE"]
[1,"1/2\" Dia Ball Type Supply Stop",632,{"v":0,"d":"0%"},{"$f":"C429*(1+D429)","v":632},"EA",null,{"$f":"G429*E429","v":0},{"$f":"L$4","v":{"v":93,"d":"$93"}},{"$f":"E429*0.2","v":{"v":126.4,"d":"126"}},{"$f":"J429*I429","v":{"v":11755.2,"d":"$11,755"}},{"$f":"K429+H429","v":{"v":11755.2,"d":"$11,755"}}]
[2,"3/4\" Dia Shutoff Valve",539,{"v":0,"d":"0%"},{"$f":"C430*(1+D430)","v":539},"EA",null,{"$f":"G430*E430","v":0},{"$f":"L$4","v":{"v":93,"d":"$93"}},{"$f":"E430*0.2","v":{"v":107.80000000000001,"d":"108"}},{"$f":"J430*I430","v":{"v":10025.400000000001,"d":"$10,025"}},{"$f":"K430+H430","v":{"v":10025.400000000001,"d":"$10,025"}}]
[3,"3/4\" Dia Ball Type Shutoff Valve",630,{"v":0,"d":"0%"},630,"EA",null,0,{"v":93,"d":"$93"},{"$f":"E431*0.2","v":126},{"v":11718,"d":"$11,718"},{"v":11718,"d":"$11,718"}]
[4,"1\" Dia Shutoff Valve W/ Access Panel",273,{"v":0,"d":"0%"},273,"EA",null,0,{"v":93,"d":"$93"},{"$f":"E432*0.3","v":{"v":81.89999999999999,"d":"82"}},{"v":7616.699999999999,"d":"$7,617"},{"v":7616.699999999999,"d":"$7,617"}]
[5,"1-1/2\" Dia Shutoff Valve",4,{"v":0,"d":"0%"},4,"EA",null,{"$f":"G433*E433","v":0},{"$f":"L$4","v":{"v":93,"d":"$93"}},{"$f":"E433*0.5","v":2},{"$f":"J433*I433","v":{"v":186,"d":"$186"}},{"$f":"K433+H433","v":{"v":186,"d":"$186"}}]
[6,"2\" Dia Shutoff Valve",6,{"v":0,"d":"0%"},6,"EA",null,0,{"v":93,"d":"$93"},{"$f":"E434*0.6","v":{"v":3.5999999999999996,"d":"4"}},{"v":334.79999999999995,"d":"$335"},{"v":334.79999999999995,"d":"$335"}]
[7,"2-1/2\" Dia Shutoff Valve",3,{"v":0,"d":"0%"},{"$f":"C435*(1+D435)","v":3},"EA",null,0,{"v":93,"d":"$93"},{"$f":"E435*0.7","v":{"v":2.0999999999999996,"d":"2"}},{"v":195.29999999999995,"d":"$195"},{"v":195.29999999999995,"d":"$195"}]
[]
["ELECTRIC WATER HEATER ACCESSORIES"]
[1,"3/4\" Dia Shutoff Valve",309,{"v":0,"d":"0%"},{"$f":"C438*(1+D438)","v":309},"EA",null,{"$f":"G438*E438","v":0},{"$f":"L$4","v":{"v":93,"d":"$93"}},{"$f":"E438*0.2","v":{"v":61.800000000000004,"d":"62"}},{"$f":"J438*I438","v":{"v":5747.400000000001,"d":"$5,747"}},{"$f":"K438+H438","v":{"v":5747.400000000001,"d":"$5,747"}}]
[2,"3/4\" Dia Check Valve",618,{"v":0,"d":"0%"},618,"EA",null,0,{"v":93,"d":"$93"},{"$f":"E439*0.2","v":{"v":123.60000000000001,"d":"124"}},{"v":11494.800000000001,"d":"$11,495"},{"v":11494.800000000001,"d":"$11,495"}]
[3,"3/4\" Dia Vacuum Relief Valve",309,{"v":0,"d":"0%"},309,"EA",{"v":30.03,"d":"$30.03"},{"$f":"G440*E440","v":{"v":9279.27,"d":"$9,279"}},{"$f":"L$4","v":{"v":93,"d":"$93"}},{"$f":"E440*0.2","v":{"v":61.800000000000004,"d":"62"}},{"$f":"J440*I440","v":{"v":5747.400000000001,"d":"$5,747"}},{"$f":"K440+H440","v":{"v":15026.670000000002,"d":"$15,027"}}]
[4,"3/4\" Dia Union",618,{"v":0,"d":"0%"},{"$f":"C441*(1+D441)","v":618},"EA",null,0,{"v":93,"d":"$93"},{"$f":"E441*0.2","v":{"v":123.60000000000001,"d":"124"}},{"v":11494.800000000001,"d":"$11,495"},{"v":11494.800000000001,"d":"$11,495"}]
[5,"3/4\" Dia P&T Relief Valve",309,{"v":0,"d":"0%"},309,"EA",null,{"$f":"G442*E442","v":0},{"$f":"L$4","v":{"v":93,"d":"$93"}},{"$f":"E442*0.3","v":{"v":92.7,"d":"93"}},{"$f":"J442*I442","v":{"v":8621.1,"d":"$8,621"}},{"$f":"K442+H442","v":{"v":8621.1,"d":"$8,621"}}]
[6,"Thermometer",618,{"v":0,"d":"0%"},{"$f":"C443*(1+D443)","v":618},"EA",null,0,{"v":93,"d":"$93"},{"$f":"E443*0.2","v":{"v":123.60000000000001,"d":"124"}},{"v":11494.800000000001,"d":"$11,495"},{"v":11494.800000000001,"d":"$11,495"}]
[7,"Expansion Tank",295,{"v":0,"d":"0%"},295,"EA",null,{"$f":"G444*E444","v":0},{"$f":"L$4","v":{"v":93,"d":"$93"}},{"$f":"E444*0.4","v":118},{"$f":"J444*I444","v":{"v":10974,"d":"$10,974"}},{"$f":"K444+H444","v":{"v":10974,"d":"$10,974"}}]
[]
["ELECTRIC WATER HEATER ON SHELF ACCESSORIES"]
[1,"3/4\" Dia Check Valve",1,{"v":0,"d":"0%"},{"$f":"C447*(1+D447)","v":1},"EA",null,{"$f":"G447*E447","v":0},{"$f":"L$4","v":{"v":93,"d":"$93"}},{"$f":"E447*0.3","v":0.3},{"$f":"J447*I447","v":{"v":27.9,"d":"$28"}},{"$f":"K447+H447","v":{"v":27.9,"d":"$28"}}]
[2,"3/4\" Dia Vacuum Relief Valve",1,{"v":0,"d":"0%"},1,"EA",null,0,{"v":93,"d":"$93"},{"$f":"E448*0.3","v":0.3},{"v":27.9,"d":"$28"},{"v":27.9,"d":"$28"}]
[3,"3/4\" Dia Union",2,{"v":0,"d":"0%"},2,"EA",null,{"$f":"G449*E449","v":0},{"$f":"L$4","v":{"v":93,"d":"$93"}},{"$f":"E449*0.2","v":0.4},{"$f":"J449*I449","v":{"v":37.2,"d":"$37"}},{"$f":"K449+H449","v":{"v":37.2,"d":"$37"}}]
[4,"3/4\" Dia P&T Relief Valve",1,{"v":0,"d":"0%"},1,"EA",null,0,{"v":93,"d":"$93"},{"$f":"E450*0.35","v":{"v":0.35,"d":"0.4"}},{"v":32.55,"d":"$33"},{"v":32.55,"d":"$33"}]
[5,"3/4\" Dia Drain Valve",1,{"v":0,"d":"0%"},1,"EA",null,0,{"v":93,"d":"$93"},{"$f":"E451*0.2","v":0.2},{"v":18.6,"d":"$19"},{"v":18.6,"d":"$19"}]
[]
["POOL MAKEUP WATER DIAGRAM ACCESSORIES"]
[1,"1-1/2\" Dia Shutoff Valve",5,{"v":0,"d":"0%"},{"$f":"C454*(1+D454)","v":5},"EA",null,{"$f":"G454*E454","v":0},{"$f":"L$4","v":{"v":93,"d":"$93"}},{"$f":"E454*0.6","v":3},{"$f":"J454*I454","v":{"v":279,"d":"$279"}},{"$f":"K454+H454","v":{"v":279,"d":"$279"}}]
[2,"1-1/2\" Dia Slow Closing Solenoid Valve",1,{"v":0,"d":"0%"},1,"EA",null,0,{"v":93,"d":"$93"},{"$f":"E455*1","v":1},{"$f":"J455*I455","v":{"v":93,"d":"$93"}},{"$f":"K455+H455","v":{"v":93,"d":"$93"}}]
[3,"1-1/2\" Dia Union",2,{"v":0,"d":"0%"},2,"EA",null,0,{"v":93,"d":"$93"},{"$f":"E456*0.5","v":1},{"v":93,"d":"$93"},{"v":93,"d":"$93"}]
[4,"Water Submeter",1,{"v":0,"d":"0%"},1,"EA",null,0,{"v":93,"d":"$93"},{"$f":"E457*1","v":1},{"$f":"J457*I457","v":{"v":93,"d":"$93"}},{"$f":"K457+H457","v":{"v":93,"d":"$93"}}]
[]
["CPVC PIPE COUPLING"]
[1,"1/2\" Dia",2173,{"v":0,"d":"0%"},{"$f":"C460*(1+D460)","v":2173},"EA",{"v":2.35,"d":"$2.35"},{"$f":"G460*E460","v":{"v":5106.55,"d":"$5,107"}},{"$f":"L$4","v":{"v":93,"d":"$93"}},{"v":81.48750000000001,"d":"81"},{"$f":"J460*I460","v":{"v":7578.3375000000015,"d":"$7,578"}},{"$f":"K460+H460","v":{"v":12684.8875,"d":"$12,685"}}]
[1,"3/4\" Dia",4389,{"v":0,"d":"0%"},{"$f":"C461*(1+D461)","v":4389},"EA",{"v":3.28,"d":"$3.28"},{"v":14395.919999999998,"d":"$14,396"},{"v":93,"d":"$93"},{"v":197.505,"d":"198"},{"v":18367.965,"d":"$18,368"},{"v":32763.885,"d":"$32,764"}]
[1,"1\" Dia",1125,{"v":0,"d":"0%"},{"$f":"C462*(1+D462)","v":1125},"EA",{"v":4.42,"d":"$4.42"},{"v":4972.5,"d":"$4,973"},{"v":93,"d":"$93"},{"v":59.062500000000014,"d":"59"},{"v":5492.812500000001,"d":"$5,493"},{"v":10465.3125,"d":"$10,465"}]
[2,"1-1/2\" Dia",25,{"v":0,"d":"0%"},25,"EA",{"v":8.34,"d":"$8.34"},{"v":208.5,"d":"$209"},{"v":93,"d":"$93"},{"v":1.59375,"d":"2"},{"v":148.21875,"d":"$148"},{"v":356.71875,"d":"$357"}]
[3,"2\" Dia",53,{"v":0,"d":"0%"},53,"EA",{"v":9.69,"d":"$9.69"},{"v":513.5699999999999,"d":"$514"},{"v":93,"d":"$93"},{"v":3.77625,"d":"4"},{"v":351.19125,"d":"$351"},{"v":864.76125,"d":"$865"}]
[4,"2-1/2\" Dia",13,{"v":0,"d":"0%"},13,"EA",{"v":21.57,"d":"$21.57"},{"v":280.41,"d":"$280"},{"v":93,"d":"$93"},{"v":1.2675,"d":"1"},{"v":117.87750000000001,"d":"$118"},{"v":398.2875,"d":"$398"}]
[5,"3\" Dia",9,{"v":0,"d":"0%"},9,"EA",{"v":23.44,"d":"$23.44"},{"v":210.96,"d":"$211"},{"v":93,"d":"$93"},{"v":1.0125,"d":"1"},{"v":94.1625,"d":"$94"},{"v":305.1225,"d":"$305"}]
[6,"4\" Dia",43,{"v":0,"d":"0%"},43,"EA",{"v":30.72,"d":"$30.72"},{"v":1320.96,"d":"$1,321"},{"v":93,"d":"$93"},{"v":5.9662500000000005,"d":"6"},{"v":554.86125,"d":"$555"},{"v":1875.82125,"d":"$1,876"}]
[6,"6\" Dia",532,{"v":0,"d":"0%"},{"$f":"C468*(1+D468)","v":532},"EA",{"v":72.35,"d":"$72.35"},{"v":38490.2,"d":"$38,490"},{"v":93,"d":"$93"},{"v":121.695,"d":"122"},{"v":11317.635,"d":"$11,318"},{"v":49807.835,"d":"$49,808"}]
[6,"8\" Dia",5,{"v":0,"d":"0%"},5,"EA",{"v":195.53,"d":"$195.53"},{"v":977.65,"d":"$978"},{"v":93,"d":"$93"},{"v":1.875,"d":"2"},{"v":174.375,"d":"$174"},{"v":1152.025,"d":"$1,152"}]
[]
["PVC PIPE COUPLING"]
[1,"2\" Dia",3614,{"v":0,"d":"0%"},{"$f":"C472*(1+D472)","v":3614},"EA",{"v":0.73,"d":"$0.73"},{"$f":"G472*E472","v":{"v":2638.22,"d":"$2,638"}},{"$f":"L$4","v":{"v":93,"d":"$93"}},{"v":460.78499999999997,"d":"461"},{"$f":"J472*I472","v":{"v":42853.005,"d":"$42,853"}},{"$f":"K472+H472","v":{"v":45491.225,"d":"$45,491"}}]
[2,"3\" Dia",1915,{"v":0,"d":"0%"},1915,"EA",{"v":3.93,"d":"$3.93"},{"v":7525.950000000001,"d":"$7,526"},{"v":93,"d":"$93"},{"v":430.875,"d":"431"},{"v":40071.375,"d":"$40,071"},{"v":47597.325,"d":"$47,597"}]
[3,"4\" Dia",1664,{"v":0,"d":"0%"},1664,"EA",{"v":5.69,"d":"$5.69"},{"v":9468.16,"d":"$9,468"},{"v":93,"d":"$93"},{"v":461.76,"d":"462"},{"v":42943.68,"d":"$42,944"},{"v":52411.84,"d":"$52,412"}]
[4,"6\" Dia",259,{"v":0,"d":"0%"},259,"EA",{"v":17.98,"d":"$17.98"},{"v":4656.82,"d":"$4,657"},{"v":93,"d":"$93"},{"v":118.4925,"d":"118"},{"v":11019.8025,"d":"$11,020"},{"v":15676.6225,"d":"$15,677"}]
[5,"8\" Dia",95,{"v":0,"d":"0%"},95,"EA",{"v":33.58,"d":"$33.58"},{"v":3190.1,"d":"$3,190"},{"v":93,"d":"$93"},{"v":70.5375,"d":"71"},{"v":6559.987499999999,"d":"$6,560"},{"v":9750.0875,"d":"$9,750"}]
[6,"10\" Dia",34,{"v":0,"d":"0%"},34,"EA",{"v":51.25,"d":"$51.25"},{"v":1742.5,"d":"$1,743"},{"v":93,"d":"$93"},{"v":29.835,"d":"30"},{"v":2774.655,"d":"$2,775"},{"v":4517.155000000001,"d":"$4,517"}]
[]
["PIPE SUPPORT"]
[1,"1/2\" Dia Adjustable Clevis Hanger",{"$f":"1681+1662","v":3343},{"v":0,"d":"0%"},{"$f":"C480*(1+D480)","v":3343},"EA",{"v":1.22,"d":"$1.22"},{"$f":"G480*E480","v":{"v":4078.46,"d":"$4,078"}},{"$f":"L$4","v":{"v":93,"d":"$93"}},{"v":313.40625,"d":"313"},{"$f":"J480*I480","v":{"v":29146.78125,"d":"$29,147"}},{"$f":"K480+H480","v":{"v":33225.24125,"d":"$33,225"}}]
[2,"3/4\" Dia Adjustable Clevis Hanger",{"$f":"4174+2557","v":6731},{"v":0,"d":"0%"},{"$f":"C481*(1+D481)","v":6731},"EA",{"v":1.44,"d":"$1.44"},{"v":9692.64,"d":"$9,693"},{"v":93,"d":"$93"},{"v":631.03125,"d":"631"},{"v":58685.90625,"d":"$58,686"},{"v":68378.54625,"d":"$68,379"}]
[3,"1\" Dia Adjustable Clevis Hanger",1730,{"v":0,"d":"0%"},{"$f":"C482*(1+D482)","v":1730},"EA",{"v":1.47,"d":"$1.47"},{"v":2543.1,"d":"$2,543"},{"v":93,"d":"$93"},{"v":162.1875,"d":"162"},{"v":15083.4375,"d":"$15,083"},{"v":17626.5375,"d":"$17,627"}]
[4,"1-1/4\" Dia Adjustable Clevis Hanger",1,{"v":0,"d":"0%"},{"$f":"C483*(1+D483)","v":1},"EA",{"v":1.6,"d":"$1.60"},{"v":1.6,"d":"$2"},{"v":93,"d":"$93"},{"v":0.09375,"d":"0"},{"v":8.71875,"d":"$9"},{"v":10.31875,"d":"$10"}]
[5,"1-1/2\" Dia Adjustable Clevis Hanger",39,{"v":0,"d":"0%"},{"$f":"C484*(1+D484)","v":39},"EA",{"v":1.63,"d":"$1.63"},{"v":63.56999999999999,"d":"$64"},{"v":93,"d":"$93"},{"v":3.65625,"d":"4"},{"v":340.03125,"d":"$340"},{"v":403.60125,"d":"$404"}]
[6,"2\" Dia Adjustable Clevis Hanger",{"$f":"53+1280+2308","v":3641},{"v":0,"d":"0%"},3641,"EA",{"v":1.99,"d":"$1.99"},{"v":7245.59,"d":"$7,246"},{"v":93,"d":"$93"},{"v":341.34375,"d":"341"},{"v":31744.96875,"d":"$31,745"},{"v":38990.55875,"d":"$38,991"}]
[7,"2-1/2\" Dia Adjustable Clevis Hanger",14,{"v":0,"d":"0%"},{"$f":"C486*(1+D486)","v":14},"EA",{"v":3.06,"d":"$3.06"},{"v":42.84,"d":"$43"},{"v":93,"d":"$93"},{"v":1.5750000000000002,"d":"2"},{"v":146.47500000000002,"d":"$146"},{"v":189.31500000000003,"d":"$189"}]
[8,"3\" Dia Adjustable Clevis Hanger",{"$f":"9+904+657","v":1570},{"v":0,"d":"0%"},1570,"EA",{"v":3.67,"d":"$3.67"},{"v":5761.9,"d":"$5,762"},{"v":93,"d":"$93"},{"v":176.625,"d":"177"},{"v":16426.125,"d":"$16,426"},{"v":22188.025,"d":"$22,188"}]
[9,"4\" Dia Adjustable Clevis Hanger",{"$f":"43+931+430+94+81","v":1579},{"v":0,"d":"0%"},1579,"EA",{"v":4.62,"d":"$4.62"},{"v":7294.9800000000005,"d":"$7,295"},{"v":93,"d":"$93"},{"v":207.24374999999998,"d":"207"},{"v":19273.668749999997,"d":"$19,274"},{"v":26568.648749999997,"d":"$26,569"}]
[10,"6\" Dia Adjustable Clevis Hanger",{"$f":"532+44+40+9","v":625},{"v":0,"d":"0%"},625,"EA",{"v":8.19,"d":"$8.19"},{"v":5118.75,"d":"$5,119"},{"v":93,"d":"$93"},{"v":93.75,"d":"94"},{"v":8718.75,"d":"$8,719"},{"v":13837.5,"d":"$13,838"}]
[11,"8\" Dia Adjustable Clevis Hanger",2,{"v":0,"d":"0%"},2,"EA",{"v":12.68,"d":"$12.68"},{"v":25.36,"d":"$25"},{"v":93,"d":"$93"},{"v":0.375,"d":"0"},{"v":34.875,"d":"$35"},{"v":60.235,"d":"$60"}]
[12,"3/8\" Dia Threaded Rod W/ Double Lock Nut (1 foot length)",15485,{"v":0,"d":"0%"},15485,"LFT",{"v":0.272,"d":"$0.27"},{"v":4211.92,"d":"$4,212"},{"v":93,"d":"$93"},{"$f":"E491*0.01","v":{"v":154.85,"d":"155"}},{"v":14401.05,"d":"$14,401"},{"v":18612.97,"d":"$18,613"}]
[13,"1/2\" Dia Threaded Rod W/ Double Lock Nut (1 foot length)",3163,{"v":0,"d":"0%"},3163,"LFT",{"v":0.42,"d":"$0.42"},{"v":1328.46,"d":"$1,328"},{"v":93,"d":"$93"},{"$f":"E492*0.01","v":{"v":31.63,"d":"32"}},{"v":2941.5899999999997,"d":"$2,942"},{"v":4270.049999999999,"d":"$4,270"}]
[14,"5/8\" Dia Threaded Rod W/ Double Lock Nut (1 foot length)",627,{"v":0,"d":"0%"},{"$f":"C493*(1+D493)","v":627},"LFT",{"v":0.528,"d":"$0.53"},{"v":331.05600000000004,"d":"$331"},{"v":93,"d":"$93"},{"$f":"E493*0.01","v":{"v":6.2700000000000005,"d":"6"}},{"v":583.11,"d":"$583"},{"v":914.166,"d":"$914"}]
[]
["TRENCHING & BACKFILLING"]
[1,"Excavation & Backfilling (3' Deep x 1' Wide Trench) including all labor and material/equipment.",{"$f":"3*1*8248","v":24744},{"v":0,"d":"0%"},{"$f":"C496*(1+D496)","v":24744},"CFT",{"v":1.25,"d":"$1.25"},{"$f":"G496*E496","v":{"v":30930,"d":"$30,930"}},{"$f":"L$4","v":{"v":93,"d":"$93"}},{"$f":"E496*0.04","v":{"v":989.76,"d":"990"}},{"$f":"J496*I496","v":{"v":92047.68,"d":"$92,048"}},{"$f":"K496+H496","v":{"v":122977.68,"d":"$122,978"}}]
[]
["ALLOWANCES (PLEASE ADD YOUR NUMBERS)"]
[1,"Mobilization & De-Mobilization",1,{"v":0,"d":"0%"},{"$f":"C499*(1+D499)","v":1},"LS",null,{"$f":"G499*E499","v":0},{"$f":"L$4","v":{"v":93,"d":"$93"}},null,{"$f":"J499*I499","v":0},{"$f":"K499+H499","v":0}]
[2,"Plumbing Piping Leak/Pressure Testing",1,{"v":0,"d":"0%"},{"$f":"C500*(1+D500)","v":1},"LS",null,{"$f":"G500*E500","v":0},{"$f":"L$4","v":{"v":93,"d":"$93"}},null,{"$f":"J500*I500","v":0},{"$f":"K500+H500","v":0}]
[3,"As - Built Documents",1,{"v":0,"d":"0%"},{"$f":"C501*(1+D501)","v":1},"LS",null,{"$f":"G501*E501","v":0},{"$f":"L$4","v":{"v":93,"d":"$93"}},null,{"$f":"J501*I501","v":0},{"$f":"K501+H501","v":0}]
[4,"Permits & Fees",1,{"v":0,"d":"0%"},1,"LS",null,0,{"v":93,"d":"$93"},null,0,0]
[]
["TOTAL MATERIAL COST  ",{"$nulls":9},{"$f":"SUM(H10:H502)","v":{"v":1169174.09784617,"d":"$1,169,174"}}]
["TOTAL LABOR COST  ",{"$nulls":9},{"$f":"SUM(K10:K502)","v":{"v":2240542.5780075006,"d":"$2,240,543"}}]
["TOTAL COST  ",{"$nulls":9},{"$f":"K505+K504","v":{"v":3409716.6758536706,"d":"$3,409,717"}}]
["OVERHEADS & PROFIT  ",{"$nulls":8},{"v":0.21,"d":"21%"},{"$f":"K506*J507","v":{"v":716040.5019292708,"d":"$716,041"}}]
["MATERIAL TAX  ",{"$nulls":8},{"v":0.08,"d":"8%"},{"$f":"K507*J508","v":{"v":57283.24015434166,"d":"$57,283.24"}}]
["TOTAL BID  ",{"$nulls":9},{"$f":"K507+K506+K508","v":{"v":4183040.4179372834,"d":"$4,183,040"}}]
["SCOPE OF ESTIMATE:"]
["I","SUPPLY & INSTALLATION"]
[1,"Cold & Hot Water Pipe W/ Fittings"]
[2,"Sanitary Pipe W/ Fittings"]
[3,"Vent Pipe W/ Fittings"]
[4,"Storm Drain Pipe W/ Fittings"]
[5,"Overflow Storm Drain Pipe W/ Fittings"]
[6,"Plumbing Fixture"]
[7,"Kitchen Equipment"]
[8,"Electric Water Heater W/ Accessories"]
[9,"Pump"]
[10,"Meter"]
[11,"Non-Freeze Hose Bibb/Hose Bibb"]
[12,"Shock Absorbers"]
[13,"Drains"]
[14,"Cleanouts"]
[15,"Trap Primer"]
[16,"Vent Through Roof"]
[17,"Valve"]
[18,"Pool Equipment Accessories"]
[19,"PVC Pipe Coupling"]
[20,"No-Hub Pipe Coupling"]
[21,"Pipe Support"]
[22,"Trenching And Backfilling"]
[23,"Allowances"]
[]
["II","NOTES"]
[1,"Green highlighted fixtures pricing is from the quotes. Other fixtures pricing not done"]